{"text_format":"3","workbook":"xlsx","n_sheets":12,"sheets":["Summary","Civil and Interior","Electrical and Fire","MB","PHE","FIRE","Low Side AC","FAS","CCTV ROOM","Conference Room","REST ALL ROOM","MGPS - BOQ"],"not_rendered":{"external_links":39,"defined_names":3140},"read":"whole","date_system":"1900"}

{"sheet":"Summary","index":0,"n_rows":9,"n_cols":3,"rows_kept":9,"merged":[[1,0,1,2]]}
[]
["Summery"]
["S. No.","Description - BOQ","Amount"]
[1,"Civil and Interiors"]
[2,"Electrical & Fire"]
[3,"Low Side AC"]
[4,"FAS"]
[5,"CCTV "]
[null,"Total"]

{"sheet":"Civil and Interior","index":1,"n_rows":115,"n_cols":7,"rows_kept":115,"merged":[[0,0,0,6],[1,0,1,6]]}
["Annexure-I"]
["Civil and Interior"]
["S.No.","Description","Unit","Quantity","Rate","Amount","Remarks"]
["A","Dismantling Works"]
[1,"Dismantling of brick work in cement mortar, 230mm with plaster on both sides stacking of serviceable material ","Cum","RO"]
[2,"Dismantling of brick work in cement mortar, 115mm with plaster on both sides stacking of serviceable material ","Sqm","RO",null,{"$f":"IFERROR(E6*D6, \" \")","v":" "}]
[3,"Dismantling of RCC works in beams, columns, slabs etc. including sub-base, cutting and removal of reinforce-ment, stacking of serviceable  material ","Sqm","RO",null,{"$f":"IFERROR(E7*D7, \" \")","v":" "}]
[4,"Dismantling of existing all types of flooring/ subbase and stacking the removed material in proper way ","Sqm","RO",null," "]
[5,"Dismantling of existing all types of wall finish/ subbase and stacking the removed material in proper way ","Sqm","RO",null," "]
[6,"Dismantling of existing all types of False Ceiling / Partitions and stacking the removed material in proper way ","Sqm","RO",null," "]
[7,"Dismantling of existing all types of Doors/Windows with frame and stacking the removed material in proper way ","Each","RO",null," "]
[8,"Dismantling of existing all electrical works/fixtures and stacking the removed material in proper way ","Sft","RO",null," "]
[9,"Dismantling of existing all HVAC works/fixtures and stacking the removed material in proper way ","Sft","RO",null," "]
[10,"Dismantling of existing all Plumbing works/fixtures and stacking the removed material in proper way ","LS","RO",null," "]
[11,"Dismantling of existing all Fire Fighting works/fixtures and stacking the removed material in proper way ","Sft","RO",null," "]
[12,"Carting away Debris from all floors to Ground Floor before disposal","Trip","RO",null," "]
[13,"Disposal of all Debris from Ground floor to Municipal Dumping ground","Trip","RO",null," "]
["B","Civil Works"]
[1,"Providing and laying 50mm thk plain cement concrete of specified grade as bed concrete  under floor, screening to required slope. complete as per specification and drawing including the cost of centering and shuttering.","Sqm","RO",null," "]
[{"$f":"A19+1","v":2},"Providing and laying 230mm thick brick work using bricks of class designation 75 in Basement/ Super structure in cement mortar 1:6 ( 1 cement : 6 coarse sand ) including, curing, joints finished flush/raked to 12 mm depth, etc.complete as directed, cleaning and soaking the bricks at least  for 6 hours before use, curing  for 7 days etc. complete at all heights/depth and for all leads. ","Cum","RO",null," "]
[{"$f":"A20+1","v":3},"Providing and laying 115mm thick brick work using bricks of class designation 75 in Basement/ Super structure in cement mortar 1:6 ( 1 cement : 6 coarse sand ) including, curing, joints finished flush/raked to 12 mm depth, etc.complete as directed, cleaning and soaking the bricks at least  for 6 hours before use, curing  for 7 days etc. complete at all heights/depth and for all leads. ","Sqm",12,null,0]
[4,"Providing and applying 12 to 15mm thick plaster to masonry and RCC walls, columns etc. in cement mortar 1:5 (1 cement : 5 fine and coarse sand in equal proportion) finished smooth including hacking the surfaces, scaffolding, curing, making grooves, corner profile etc at desired location etc. complete as per drawing.","Sqm",30,null,0]
[{"$f":"A22+1","v":5},"Providing and laying water proofing treatment for wet areas by applying 3 coats of \"Tapecrete\" of approved make applied too surfaces where called for, 1st coat in proportion of 2:1 (2 parts of white cement & 1 part of tapecrete), 2nd coat in proportion of 2:1:1.5 (2 parts of white cement : 1part of tapecrete : 1.5 parts of silica sand) and 3rd coat in the proportion of 2:1 ( 2 parts of white cement : 1part of tapecrete) to a total thickness of not less than 4 mm after preparation of surface etc. including application of epoxy base putty at junctions and corners around pipes and other outlets etc. prior to application of final coat of tapecrete. allow for necessary curing and drying time for each coat, providing proper bonding keys in the coats where required and necessary curing.","Sqm","RO",null," "]
[{"$f":"A23+1","v":6},"Providing and fixing of Lintel beams (12\" ht X Wall width) if required, including formwork and Steel ","Rmt",2,null,0]
[{"$f":"A24+1","v":7},"Providing and laying water proofing treatment on roofs of slabs by applying cement slurry mixed with water proofing cement compound. ","Sqm.","RO",null," "]
[{"$f":"A25+1","v":8},"Providing and fixing trench in HPS room for passing cables of Simulators. The size of the trench will be 200mm wide and 100mm deep and will covered with 2mm thick Stainless steel cover. ","Rmt",7.6]
[9,"Lifting, Shifting & unloading of all materials on all floors from Ground Floor","Trips",null,null,0]
["C","POP / Paint Works"]
[1,"Providing and applying plaster  of  paris (super fine quality) punning  with minimum thickness of 6mm and finish the surface smooth in line and level to the entire satisfaction of Project Manager including scraping  and hacking the existing finished surfaces, scaffolding etc. complete as per drawing.","Sqm",95,null,0]
[2,"Providing and applying three or more coats of washable anti-bacterial/Royal acrylic emulsion paint ( equivalent of Asian Royal)  of approved brand, manufacturer and shade to give a smooth finish on new plastered surfaces over a coat of approved primer, additive including the cost of preparing the surfaces with filling materials (putty), along with sand papering wherever required, scaffolding  etc. complete with all aspects.","Sqm",354,null,0]
[3,"Providing and applying three or more coats of oil bound distemper  of approved brand, manufacturer and shade to give a smooth finish on new plastered surfaces over a coat of approved primer, additive including the cost of preparing the surfaces with filling materials (putty), along with sand papering wherever required, scaffolding  etc. complete with all aspects.","Sqm","RO",null," "]
[4,"Filling of all joints and Cavities with Metallic Epoxy filler and sanded flush to provide a jointless finish and then sprayed with a water based aseptic and self-sterilizing wall coating system to a d.f.t. of 300 micron with primer.","Sqm",76,null,0," Make:- Liquid Plastics- Jotun Japan"]
[5,"Providing & applying DUCO paint Finish"]
[null,"PVC surface","Sqm",6]
[6,"Providing and applying Melamine polish on door frames & other areas","Rmt",218,null,0]
["D","Ceiling"]
[1,"Providing and fixing 12.5mm thick gypsum board false ceiling at all height including providing and fixing of frame work made of special sections, power pressed from M.S. sheets and galvanized with zinc coating of 120 gms/sqm (both side inclusive) as per IS : 277 and consisting of angle cleats of size 25 mm wide x 1.6 mm thick with flanges of 27 mm and 37mm, at 1200 mm centre to centre, one flange fixed to the ceiling with dash fastener 12.5 mm dia x 50mm long with 6mm dia bolts,  other flange of cleat fixed to the angle hangers of 25x10x0.50 mm of required length with nuts & bolts of required size and other end of angle hanger fixed with intermediate G.I. channels 45x15x0.9 mm running at the spacing of 1200 mm centre to centre, to which the ceiling section 0.5 mm thick bottom wedge of 80 mm with tapered flanges of 26 mm each having lips of 10.5 mm, at 450 mm centre to centre, shall be fixed in a direction perpendicular to G.I. intermediate channel with connecting clips made out of 2.64 mm dia x 230 mm long G.I. wire at every junction, includingfixing perimeter channels 0.5 mm thick 27 mm high having flanges of 20 mm and 30 mm long, the perimeter of ceiling fixed to wall/partition with the help of rawl plugs at 450 mm centre, with 25mm long dry wall screws @ 230 mm interval, including fixing of gypsum board to ceiling section and perimeter channel with the help of dry wall screws of size 3.5 x 25 mm at 230 mm c/c, including jointing and finishing to a flush finish of tapered and square edges of  the board with recomme-nded jointing compound , jointing tapes , finishing with jointing compound in 3 layers covering upto 150 mm on both sides of joint and two coats of primer suitable for board, all as per manufacturer’s specification and also including the cost of making provision for trap doors, openings for light fittings, grills, diffusers, cutouts made with frame of perimeter channels suitably fixed, all complete excluding the cost of two or more coats of acrylic emulsion paint on gypsum ceiling  as per drawings, specification and direction of the Engineer in Charge. ","Sqm",729,null,0]
[{"$f":"A37+1","v":2},"Providing and fixing of suspended false ceiling  8mm thick tapered edge Calcium Silicate Board painted with Anti-Microbial Paint  with GI  perimeter channels ( having minimum thickness 0.50 mm , size 20mmx30mmx26mm and galvanising of 120 GSM  ),  GI intermediate channels (having minimum thickness 0.80mm , size 15mmx15mmx45mm and galvanising of 120 GSM) and ceiling  section (  having minimum thickness 0.50mm , size 26mmx26mmx50mm and galvanising of 120 GSM) as per drawing and as per requirement of site including P/F  the additional GI framing  for fixing commercial ply behind air conditioning  louver only , the cost shall includes all hardware as specified by the manufacturer , including filling and finishing the tapered and square edges of the board with jointing  compound , paper tapes but excluding two coats of antibacterial acrylic emalsion  paint with one coat primer complete as per pattern shown in drawing at all floor levels and locations to the satisfaction of Project Manager. Approved make for Board RAMCO HILUX . ","Sqm","RO",null," "]
[{"$f":"A38+1","v":3},"Providing and fixing in true horizontal level false ceiling grid of 15mm Suprafine XL grid system manufactured by M/s. Armstrong World Industries (India) Pvt. Ltd or equivalent using hot dipped galvanized steel section, exposed surface chemically cleaned capping prefinished in backed polyester paint wall angle of size 3000x19x19mm used in periphery of the ceiling fixed to the wall/partition/RCC column/band walls with the heip of screws at 600mm c/c. Main runner of size 3000x15x32mm suspended at 1200mm c/c by using 2.5mm dia G.I. wire hanger securely fixed to the structural soffit of RC slab by using 6mm anchor fastener at every 1200mm(max) and 1200mm long cross tee of size 15x32mm to be interlocked  between in main runner at 600mm c/c(max) to form grid of 1200x600mm. 600mm long cross tee size 15x32mm fixed in between 1200mm long cross tee for forming a grid of 600x600mm and finally laying Classic Lite Bev.Tegular tiles of size 600x600x16mm(RH 99,NRC 0.50)\n","Sqm","RO",null," "]
[6,"Providing and fixing open cell ceiling made in Aluminum, 0.016\" thick\nDimensions Panel: Nominal 24 x 24 x 1-1/2\" blade height x 9/16\"\nblade width (matches 9/16\" suspension system) lay in panels on size 8\"x8\". The panels will be powder coated and painted with fire proof paint as per the selection","Sqm",58]
["E","Flooring Works"]
[1,"Providing and laying self levelling compound  2-3 mm make below wooden flooring / vinyl flooring , to achieve perfect level as per the requirements of the Wooden / vinyl  flooring vendor.","Sqm",858,null,0]
[2," Providing  & Fixing   2 mm thick homogeneous PVC Vinyl flooring (imported) with a single layer of PVC, total weight is 3000 g/m2, XR PUR (polyurethane reinforced, Abrasion group T: ≤2.00 mm, residual indentation approx.0,03 mm, castor wheel test qualified, dimensional stability ≤0.40%,static electrical charge < 2kv, impact sound reduction approx +4db, good resistance of scratch, slip, chemical and fire, doesn’t favor in growth of fungi & bacteria. Clean Room class A certified. 100% recyclable. Low VOC emissions after 28days of installation (lower than ≤10μg/m3). Phthalate Free. Multicolor welding rods. Non Directional in Design. Type Squarefoot (Eclipse Premium)","Sqm",156]
[3,"Providing and fixing Highly resistant 2.6 mm thick(as per ISO24346(EN 428)and wayerlayer0.55 mm thick(as per ISO24340(EN 429); heterogeneous with Homogenous backing and wooden textured product in rolls ;Protecsol® surface treatment with matt finish that does not require wax for life and it makes it resistant to all strong chemicals like IODINE, Betadine ,EIOSIN Oil, Antibacterial Gel etc. Weight ≤ 2800 g / m2 as per ISO 23997(EN 430),width of sheet 200 cm  and length of sheet  20 lm as per ISO 24341 (EN 426);product specified as per ISO 10581(EN 649); abrasion value according to EN 660.2  ≤ 2.0 mm3, Castor chair test  passed according to ISO 4918(EN 425),Chemical product resistance test passed according to ISO 26987(EN423),Dimensional stability ≤0.4% as per ISO 23999(EN 434);Residual indentation ≈0.03 mm as per ISO24343-1(EN 433);binder type I as per ISO 10581, class load 34/43 as ISO 10874(EN 685);Static electrical propensity <2 KV as per EN 1815;Slip resistance dry ≥0.3 as per EN 13893;Slip Resistance Wet is R₉ as DIN 51130;   thermal conductivity 0.25W/(Mk) as per ISO 10456(EN 12524); Anti-Bacterial activity(E.coli – S. aureus) ˃ 99% Inhibits growth according to ISO 22196 ;Antiviral activity(human coronavirus 229E) is 99.7%after 5 hours as per ISO21702Color fastness ≥6 degree as per ISO 105-B02 ; TVOC after 28 days  <10µg/m³as per ISO 16000-6; CЄ certified as per EN 14041;Floorscore®certified as per;  Fire classification Bfl-s1 as per EN 13501-1; TVOC after 28 days <10 ppm / m3 according to ISO 16000-6.;REACH compliant  With 20% RECYCLED CONTENT;100%RECYCLABLITY;Eco-designed be according to a product specific Life Cycle Analysis(LCA) with property of WELLNESS (walking comfort) <75Db","Sqm",702,null,0,"Gerflor"]
[4,"Providing & fixing of coving for above Vinyl","Rmt",378,null,0]
[5,"Providing and laying of tile flooring of approved make, shade and pattern as approved by Architect withgrooves using 3/ 2mm PVC spacers and cement grouted with the tile grout of matching shade of tile including cutting, etc. complete in all respects as per pattern and drawing."]
[null,"Vitrified tile (Basic rate of tiles Rs.50/- per Sqft) ( Tile size 600mm X 600mm)","Sqm",364,null,0]
[null,"With  Anti-skid Ceramic/Vitrified tile (Basic rate of tiles Rs.50/- per Sqft) ( Tile size 300mm X 300mm)","Sqm","RO",null," "]
[{"$f":"A46+1","v":6},"Providing and laying of tile dado of approved make, shade and pattern as approved by Architect withgrooves using 3/ 2mm PVC spacers and epoxy/cement grouted with the tile groute of matching shade of tile including cutting, etc. complete in all respects as per pattern and drawing."]
[null,"Vitrified tile (Basic rate of tiles Rs.45/- per Sqft) ( Tile size 300/600mm X 300/600mm)","Sqm",27,null,0]
[{"$f":"A49+1","v":7},"Providing & laying of tile skirting with Vitrified tile (Basic rate of tiles Rs.50/- per Sqft) ( Tile size 600mm X 600mm)","Rmt",298,null,0]
[8,"Providing and fixing Tufted low level loop pile carpet tile of size 500mmx500mm of thickness 5.5mm composed of 100% ECONYL®/Altochroma regenerated polyamide 6, weight 3815 gsm having polyester backing","Sqm",115,null,0]
[{"$f":"A52+1","v":9},"IPS flooring-providing and laying 40mm average thick Cement Concrete 1:2:4 (1cement :2 coarse sand : 4 graded stone aggregate of 12.5mm nominal size) including surface preparation and finished with a floating coat of neat cement of 2 mm including cement slurry, 40mm wide and 4mm thick.glass strip etc with slope. ","Sqm","RO",null," "]
[10,"Providing and fixing wooden vinyl of thickness 3mm with wear layer of .30mm suitable for heavy duty area with plank size 6\"X36\", density 5250 g/m³, should be slip resistance and have fire rating of BFI-S1. Colour fastness should be of Class 6 and should have sound absorption of ≥6 db. ","Sqm",187]
[11,"Counter Tops and Ledge and Facia \nProviding and fixing 18mm thick Granite counter top, back splash and fascia, ledges, bands on walls complete laid over 19mm water proof ply (bwp) with synthetic resin as approved including 37mm x 37mm  granite moulding including openings for sinks, providing grooves, polishing, chamfering, nosing as required etc. wherever required all complete. (Basic rate of Stone Rs. 120/- per sqft)","Sqm",2.6]
["F","Wall Partition/Panelling "]
[1,"Providing and fixing 12.5mm thick Regular Gyp board (cladding on one side, confirming to IS -2095 - 1982 and 2543-1981) paneling work with 50mm thk GI frame fixed with dry wall screws of 25mm at 300mm centre, square and tapered edges of the boards are to be jointed and finished so as to have a flush look which includes filling and finishing with jointing compound, paper tape  as per detail drawing.","Sqm"]
[2,"Providing and fixing 12.5mm thick Regular Gyp board (cladding on both side, confirming to IS -2095 - 1982 and 2543-1981) paneling work with 50mm thk GI frame fixed with dry wall screws of 25mm at 300mm centre, square and tapered edges of the boards are to be jointed and finished so as to have a flush look which includes filling and finishing with jointing compound, paper tape  as per detail drawing.","Sqm",445]
[3,"Providing and fixing Full height solid partitions as per specification, complete as per drawings and instructions. The rate shall be inclusive of the necessary hardware etc. Main frame - 50mm x 25mm Aluminium section of 1.5mm thk vertical and horizontals at 2' -0\"x 2' -0\" Centre spacing approx extra frame below slab soffit for conduit to run above. All verticals secured to ceiling.\nBoth side with 12mm thk Commercial ply screwed to frame work on one side with joints as shown or directed. The rate shall be inclusive of Patta\nwith grooves, borders, bottom, middle & top as advised by site superviser.","Sqm","RO",null," "]
[4,"Providing and fixing Full height solid partitions as per specification, complete as per drawings and instructions. The rate shall be inclusive of the necessary hardware etc. Main frame - 50mm x 25mm Aluminium section of 1.5mm thk vertical and horizontals at 2' -0\"x 2' -0\" Centre spacing approx extra frame below slab soffit for conduit to run above. All verticals secured to ceiling.\nBoth side with 12mm thk Commercial ply screwed to frame work on both sides with joints as shown or directed. The rate shall be inclusive of Patta\nwith grooves, borders, bottom, middle & top as advised by site superviser.","Sqm",72,null,0]
[5,"Cladding of above mentioned GI channel framework & BWP Plywood surface with1mm laminate, as required/ directed by site engineer","Sqm",72,null,0]
[6,"Cladding of above mentioned GI channel framework & BWP Plywood surface with lacquered glass, as required/ directed by site engineer","Sqm",8.5,null,0]
[7,"FULL HEIGHT PARTLY GLAZED/ SOLID PARTITION \nProviding and fixing Full height Partly Glazed & Partly solid partitions as per specification, complete as per drawings and instructions. The rate shall be inclusive of the necessary hardware etc. Main frame - 50mm x 25mm Aluminium section of 1.5mm thk vertical and horizontals at 2' -0\"x 2' -0\" Centre spacing approx extra frame below slab soffit for conduit to run above. All verticals secured to ceiling.\nBoth side with 12mm thk Commercial ply screwed to frame work onboth sides with joints as shown or directed. The rate shall be inclusive of Patta\nwith grooves, borders, bottom, middle & top as advised by site superviser.\nFor Glazing Skin:- 12mm thick toughened glass fixed with 32x10mm thk. T. W. moulding and 3'-0\" high solid portion as shown in the drawing or as directed by Architect. \n","Sqm",28,null,0]
[6,"Providing and fixing Full height solid partitions as per specification, complete as per drawings and instructions. The rate shall be inclusive of the necessary hardware etc. Main frame - 50mm x 25mm Aluminium section of 1.5mm thk vertical and horizontals at 2' -0\"x 2' -0\" Centre spacing approx extra frame below slab soffit for conduit to run above. All verticals secured to ceiling.\nBoth side with 12mm thk cement bonded board to frame work on both sides with joints as shown or directed. The rate shall be inclusive of Patta\nwith grooves, borders, bottom, middle & top as advised by site superviser.","Sqm",19,null,0]
[9,"Providing and fixing of Corner guards as per design & specs corner guard superior wall mounted impact resisitance from carts, lagguage, beds and trolly strechers and wheelchairs with 1.5 mm aluminium retainers with thk. 2 mm vinyl top cover with  width of 52 mm x 52 mm of length 8'/10' (feet) and 10 mm offset along  with continous outside corner ","RMT",43,null,0]
[10,"Supply and installation of full height Single glazed partition using 12mm thick toughened Glass fixed with proprietary black powder-coated aluminium sections of size 26x30mm (H) on top, bottom, horizontal & vertical for Straight partitions & 26x30mm (H) MS Steel powder coated profiles for curved partitions. Rate to include required accessories as per the manufacturer's specifications and shall be inclusive of all accessories like Gaskets. Glass to glass joints to be sealed with Double sided 2mm Thick transparent tape. The glasses to be butt jointed with 2 to 3mm edge chamfer & edge polishing all around.Achieving value of 31 dB. ( Rate is not included for door frames)\nFinish - Black Powder coated\nPartition Height - 3000mm\nSystem - Micra I\nMake - Liko-s ","Sqm",143,null,0]
["G","Door/Windows"]
[1,"Providing & fixing wood  frames of size  as  approved for doors, windows, clerestory windows & other frames  and fixed in position by means of 40x3mm flat iron hold fast, 25cm long and embedding in cement concrete block 30x10x15 cm 1:3:6 (1 cement: 3 coarse sand: 6 graded stone aggregate 20mm nominal size) or with dash fasteners, providing and applying anti-termite paint on unexposed surface and melamine polish on exposed surface."]
[null,"Meranti wood","Cum",20]
[2,"Providing and fixing  wooden moulding (Architrave) to door and window frames with G.I. screws, plugs and priming coat on exposed surface including melamine polish/paint etc. complete"]
[null,"Teak Wood 50mmx12mm","Rmt",201]
[3,"Flush Doors : Providing and fixing 35mm thick flush door shutter of approved manufacture (Approved make) both side commercial, finished with 1mm thick  laminate of approved manufacturer and shade fixed in pattern to both faces (to make overall thickness of shutter as 38mm) with 6 mm teak  wood lipping all around complete as per drawings including lippings/ margins, melamine polishing on all exposed surfaces of wood of approved shade, necessary hardware fittings like stainless steel Hinges(125mm Ball Bearing 4nos approved make), magnetic door stopper etc(approved make). as approved. counter sunk screws would be used, with rotor cut in frames etc. complete in all respects as per details shown in design and drawings. Rate shall be applicable for Single and Double door.","Sqm",8.5]
[4,"Extra for cutting and providing vision panel in flush door with vision panel of size as per design and drawing having 6mm thick toughened glass finished with polished beech wood beading complete as per drawings.","Sqm",4.2]
[5,"Providing & Fixing fully glazed door. The Item includes fixing of 12 mm thk Toughned glass with the help of top patch & bottom patch fittings. The door will have patch lock, pti pivot, floor spring & 600 mm long handles (Approved Make), fixed with the glass by making necessary cutouts & holes. The glass edges shall be polish on all sides. The entire door shall be errected in complete line & level. The door will have S.S brush finish Signage for pull & push. door size 1800/1500/1200 x 2100mm\n","Each",13,null,0]
[6,"Providing & Fixing fully glazed door. The Item includes fixing of 12 mm thk Toughned glass with the help of top patch & bottom patch fittings. The door will have patch lock, pti pivot, floor spring & 600 mm long handles (Approved Make), fixed with the glass by making necessary cutouts & holes. The glass edges shall be polish on all sides. The entire door shall be errected in complete line & level. The door will have S.S brush finish Signage for pull & push. door size 1050/900/750 x 2100mm\n","Each",5,null,0]
[7,"Providing and fixing of Roller blinds (Blackout type) on the windows at all heights, all materials and labour etc., complete in all respects as per directions of Engineer having following\nspecifications: Construction : 100 % Polyester, Coating : Blackout 3 pass Foam Coating, Fabric Thickness : 0.60 mm, Fabric Weight +_5% : 390 Gsm, Fabric Width : 230 Cms, EPI/PPI 176/164, Wrap : 80 Den Twisted SD, Weft : 300 Den Roto\nMaterial & Color shade will be as per sample approved.","SQM",108,null,0]
["H","Wall finish"]
[1,"Providing and fixing vinyl wall covering having silk look ton-sur-ton stripe with a subtle sheen in a rich colour palette of composition vinyl finishing coat on a woven cotton backing of width  as per approved make & sample on POP/ Gypboard surfaces with suitable addhesive to be executed by specialist agency as per manufacturers specification. Minimum of 10yrs gaurantee required. (Base rate 175 Rs /sqft)","SQM",42,null,0]
[2,"Providing and fixing 3M dusted/Frosted sparkle film of 50 microns thickness of approved shade and design over glass doors, glass partitions and wherever required s per drawing and as directed by Architect/ Engineer-in-Charge to the complete satisfaction. Film shall be fixed to the glazing with proper tools and arrangements with zero air bubble trapped in.",{"$nulls":3},{"$f":"IFERROR(E79*D80, \" \")","v":0}]
[null,"Designer (Machine cut)","SQM",65]
["I","Mill Work"]
[1,"Providing, making and placing in position over head storage units upto 750mm height or height as directed and depth 450mm made with 18/19mm BWP Plywood front sides and middle shell and back side with 8mm ply covered with 1mm laminate (as per approved) at all exposed surfaces. Inner/unexposed surfaces to be finished withinternally finished in 0.8mm thk. white laminate (matte) as shown in the drawings or directed. Including melamine spray polish finish for all wooden members. The rate to include cost of all necessary hardware viz., cabinets hinges, locks, handles, tower bolts etc., The unit should have been wood beading 40 x 40mm at top and edge lipping 20 x 6mm complete. all complete as per the architectural drawings and as specified and as directed by the Engineer-in-charge.\nMake: HAFELE, HETTICH or Godrej\n","Sqm",13.9,null,{"$f":"IFERROR(E82*D82, \" \")","v":0},"Make: Century/Green"]
[{"$f":"A82+1","v":2},"Providing and fixing full height storage of height 2100/2400 mm /Low height storage of 600 mm and depth as specified in the drawings as per specified below.\n1. Skeleton - made out of 19 mm thk. BWP ply at end verticals, top and bottom and vertical 450mm to 600mm centers as shown in the drawings and 6 mm thk. back ply.\nShelves - 19 mm thk. BWP Plywood top and edges finished in 1 mm thk. laminate to accommodate file height removable and supported on pins.\nShutters - made out of 19 mm thk BWP ply externally finished in 1.0 mm thk. laminate of approved texture and internally finished in 0.8mm thk. white laminate (matte) as shown or directed. The rate to include cost of all necessary hardware viz., cabinets hinges, locks, handles, tower bolts etc., all complete as per the architectural drawings and as specified and as directed by the Engineer-in-charge \nMake: HAFELE, HETTICH or Godrej",{"$nulls":4},"Make: Century/Green"]
[null,"450mm depth","Sqm",18,null,{"$f":"IFERROR(E84*D84, \" \")","v":0}]
[null,"600mm depth","Sqm",26,null,0]
[null,"750mm depth","Sqm","RO",null," "]
[null,"1250mm depth","Sqm","RO",null," "]
[3,"Provding and fixing a working counter of size (1500x600)mm made in 18 mm thick Commercial BWP Plywood for top, side support, drawer unit, drawer fascia. To use 12 mm thk. commercial BWP Plywood for table appron, drawer sides and back, 6 mm thk. commercial BWP Plywood for drawer bottoms with working table space ht. 750 mm and with finished ht. 1200 mm upto custumer top. All internal surfaces of table, appron, drawers, (all sides, bottom and top ) drawer box to be finished with 0.8 mm thk. approved white colour laminate (or as approved). All external surfaces of Table including  sides, drawer box, drawer facia to be finished with 1 mm thk. approved colour laminate. Arrangement for CPU, wire manager for computer and 100 mm x 38 mm teak wood foot rest with melamine polishing as per design/ drawing and instructions by Architect. ","Sqm",2,null,0,"Make: Century/Green"]
[4,"Providing and fixing of storages upto height 1200mm and width 800mm made in 18 mm thick Commercial BWP Plywood , side support, drawer unit, drawer fascia. to be made as per the detail drawings and instruction given by the project manager. All internal surfaces of table, appron, drawers, (all sides, bottom and top ) drawer box to be finished with 0.8 mm thk. approved white colour laminate (or as approved). All external surfaces of Table including  sides, drawer box, drawer facia to be finished with 1 mm thk. approved colour laminate.All drawers to run on approved quality telescopic drawer channels of HAFELE, HETTICH or Godrej, Complete in all respects including approved quality metal keyboard with telescopic channel, Godrej/ ENOX drawer locks, 'D' shape .S.S. brass bush finished handles for drawers. The top of the storages to be covered in 6mm thick toughened glass fixed as per the details given by the architect.","Sqm",11]
[5,"Providing and fixing in position laminate finished ledge made in 19 mm thick BWP Plywood to profile and shape as per the detail drawing. The BWP Plywood surface shall be finished in 12mm thick acryllic  of approved shade with edges finished as per detail and dwgs. All complete as per the architectural drawings and specified and as directed by the Engineer-in-charge. All drawers to run on approved quality telescopic drawer channels of HAFELE, HETTICH or Godrej, Complete in all respects including approved quality metal keyboard with telescopic channel, Godrej/ ENOX drawer locks, 'D' shape .S.S. brass bush finished handles for drawers. Arrangement for CPU, wire manager for computer and 100 mm x 38 mm teak wood foot rest with melamine polishing as per design/ drawing and instructions by Architect. \n ","Sqm",12,null,0,"Make: Century/Green"]
[6,"\nProviding ,making and placing reception counter made in 18 mm thick Commercial BWP Plywood for top, side support, drawer unit, drawer fascia. To use 12 mm thk. BWP Plywood for table appron, drawer sides and back, 6 mm thk. BWP Plywood for drawer bottoms with working table space ht. 750 mm and with finished ht. 1200 mm upto custumer top. All internal surfaces of table, appron, drawers, (all sides, bottom and top ) drawer box to be finished with 0.8 mm thk. approved white colour laminate (or as approved). All external surfaces of Table including  sides, drawer box, drawer facia to be finished with 1 mm thk. approved colour laminate except customer top including sides and and working  top to be finished with acrylic  solid surface 12 mm thk (as per approved shade). All drawers to run on approved quality telescopic drawer channels of HAFELE, HETTICH or Godrej, Complete in all respects including approved quality metal keyboard with telescopic channel, Godrej/ ENOX drawer locks, 'D' shape .S.S. brass bush finished handles for drawers. Arrangement for CPU, wire manager for computer and 100 mm x 38 mm teak wood foot rest with melamine polishing as per design/ drawing and instructions by Architect. \n \n","Sqm",5.4,null,0,"Make: Century/Green"]
[7,"P/F Conference table of size (4500x1500x750) 19mm thick Bwp plyboard for top, Side support. All external surfaces of the table will be finished with 1mm thick laminate as per the selection whereas all internal will be finished in .8mm thick laminate. Provision for sockets, mike will be taken into cosideration on table surface along with wire manager with footrest of 100mm X 38mm teak wood with melamine polishing. The details will be done as per the detail drawings issued and instruction of project manager incharge.","Each",1,null,0,"Make: Century/Green"]
[8,"Providing and fixing in position Trap Doors in False Ceiling suspended from RCC slab with dash fasteners, hangers and necessary hanging arrangements, 2nd class teak wooden framework 2\" x 2\" etc. made out of 16mm thick BWP ply finished with both side laminate  approved shade on all exposed surfaces with all necessary hardwares and fittings etc., trap door to be in level with the surrounding ceiling all complete.","Sqm",10]
[9,"Providing and fixing Pin-up board made of 12mm thick cellotex board over 6mm thick commercial ply backing covered with MAX green fabric as approved, fixed to wall with screws & surrounded with steam beech wood moulding of size 30mm x 19mm with melamine polishing etc all complete as per approved design and drawing. (Basic cost of fabric to be taken as Rs. 150/- per Rmtr. for width of 1.2mtrs.)","Sqm",10]
["J","Furniture Items"]
[1,"Providing and fixing managers table of size 1500X600X750 with side unit of size 900x450x750 made of 19mm thick plywood with 1 mm thick laminate of approved shade(as per specification)on all external surface and .8mm thick on all internal surface. The side unit will have drawers as per the details and drawings given by the architect. including all necessary fittings.All drawers to run on approved quality telescopic drawer channels of HAFELE, HETTICH or Godrej, Complete in all respects including approved quality metal keyboard with telescopic channel, Godrej/ ENOX drawer locks, 'D' shape .S.S. brass bush finished handles for drawers. ","Each",4,null,{"$f":"IFERROR(#REF!*D55, \" \")","v":" "}]
[2,"Providing and fixing discussion table of size 2400x1000x1000  made of 19mm thick plywood with 1 mm thick laminate of approved shade(as per specification)on all external surface and 100 mm x 38 mm teak wood foot rest with melamine polishing as per design/ drawing and instructions by Architect. ","Each",5]
[3,"Providing and fixing discussion table of size 1800x800x1000  made of 19mm thick plywood with 1 mm thick laminate of approved shade(as per specification)on all external surface and 100 mm x 38 mm teak wood foot rest with melamine polishing as per design/ drawing and instructions by Architect. ","Each",2]
[4,"Providing and fixing sofa set ",{"$nulls":3},{"$f":"IFERROR(#REF!*#REF!, \" \")","v":" "}]
[4.1,"3 seater","Each",3]
[4.2,"2 seater","Each",7]
[4.3,"Single seater","Each",1]
[5,"Providing and fixing couches"]
[5.1,"Type -1","Each",2]
[5.2,"Type-2","Each",2]
[6,"Providing and fixing café table made in glass and ss section ","Each",3]
[7,"Providing Chairs"]
[7.1,"Lounge Chair","Each",6]
[7.2,"Visitor's Chair","Each",44]
[7.3,"Executive Chair","Each",4]
[7.4,"Lecture Chair","Each",12]
[8,"Providing and Fixing center table made in clear glass supported on ss sections","Each",2]
["J","Furniture Items"]
[]
[null,"Total"]

{"sheet":"Electrical and Fire","index":2,"n_rows":333,"n_cols":6,"rows_kept":333,"merged":[[0,0,0,6],[1,0,1,6],[3,1,3,3],[5,1,5,3],[7,1,7,3],[9,1,9,3],[11,1,11,3],[13,1,13,3],[15,1,15,3],[17,1,17,3],[18,1,18,3],[20,1,20,3],[22,1,22,3],[24,1,24,3],[26,1,26,3],[28,1,28,3],[30,1,30,3],[32,1,32,3],[34,1,34,3],[36,1,36,3],[38,1,38,3],[40,1,40,3],[42,1,42,3],[44,1,44,3],[46,1,46,3],[48,1,48,3],[50,1,50,3],[52,1,52,3],[54,1,54,3],[56,1,56,3],[57,0,57,6],[94,1,94,3],[96,1,96,3],[98,1,98,3],[100,1,100,3],[102,1,102,3],[104,1,104,3],[106,1,106,3],[108,1,108,3],[110,1,110,3],[112,1,112,3],[114,1,114,3],[132,1,132,3],[134,1,134,3],[136,1,136,3],[138,1,138,3],[140,1,140,3],[142,1,142,3],[144,1,144,3],[146,1,146,3],[148,1,148,3],[150,1,150,3],[152,1,152,3],[154,1,154,3],[156,1,156,3],[158,1,158,3],[160,1,160,3],[205,1,205,3],[207,1,207,3],[209,1,209,3],[211,1,211,3],[213,1,213,3],[215,1,215,3],[217,1,217,3],[219,1,219,3],[221,1,221,3],[223,1,223,3],[240,1,240,3],[242,1,242,3],[244,1,244,3],[246,1,246,3],[248,1,248,3],[250,1,250,3],[252,1,252,3],[254,1,254,3],[256,1,256,3],[274,1,274,3],[276,1,276,3],[278,1,278,3],[280,1,280,3],[282,1,282,3],[284,1,284,3],[286,1,286,3],[288,1,288,3],[290,1,290,3],[291,1,291,3],[292,1,292,3],[297,4,299,4],[323,1,323,3]]}
["Annexure-II"]
["Civil and Interior"]
[]
[1,"The items given in this schedule are provisional. The Tenderer  shall be paid for the actual quantity of work executed as measured at the site at the rates tendered. The Client reserves the right to  increase  or decrease any of the quantities, or to ommit totally any item of work. Any claim by the Tenderer on these  accounts will not be entertained."]
[]
[2,"All the items of work given in this schedule of quantities shall  be executed strictly in accordance with the latest Indian Standard Specifications and the requirements of the Electricity Supply Authority read in  conjunction with the relevant drawings and Specifications."]
[]
[3,"The Tenderer shall visit the site and shall satisfy himself as to the conditions under which the work is to be performed. He shall also check and ascertain the location of any existing structure or equipment or  any other situation which may affect the work. No extra claim as a consequence of ignorance or on  ground of insufficient description will be allowed at a later date."]
[]
[4,"All equipment and material shall be IS approved."]
[]
[5,"All approvals shall be obtained from Client / Consultant"]
[]
[6,"All equipment and material shall be inspected at manufacturer’s works as per relevant IS by the Client or his representative before despatch to site."]
[]
[7,"All vendor drawings shall be approved by the Client /Consultant before fabrication work starts."]
[]
[8,"All Testing and Commissioning shall be as per relevant IS for equipment and IS:732:1989 for the installation. All testing records are to be maintained and submitted for Client’s representative."]
["A.","CIRCUIT CUM POINT WIRING (SUPPLY, INSTALLATION, TESTING AND COMMISSIONING) "]
[]
[null,"The rates for all point wiring items shall also include supplying, fixing, testing and commissioning of the  following:"]
[]
["a.","Conduits, conduit specials, brass bushes (bends, pull boxes, junction boxes) and other fittings."]
[]
["b.","Approved GI saddles and grouting the same for exposed conduit work."]
[]
["c.","1.2 mm thick Outlet boxes and junction box."]
[]
["d.","All fixing accessories such as clips, brass screws pull boxes etc. complete in all respect."]
[]
["e.","All work necessary for wiring a point circuit of any length from the Final Distribution Board to connector via switch and shall include the circuit wiring also except where identified."]
[]
["f.","Embedding conduits and accessories in walls and floors etc. during construction and / or cutting chases  (with chase cutting machine) and making good the same as necessary in the case of concealed conduit work."]
[]
["g.","Switch, socket outlet and necessary blank plates wherever required."]
[]
["h.","PVC insulated copper conductor stranded flexible FRLS-H wire of Green colour with elbow, bands for earthing of fixtures, outlet boxes and third pin of socket outlet."]
[]
["i.","Repainting of “FRLS-H ” PVC conduits, outlet boxes and junction boxes where ever damaged."]
[]
["j.","All wires shall be IS approved, 1100 volt grade, stranded flexible PVC insulated FRLS-H ."]
[]
["k.","All sockets shall be shuttered type with earth terminal."]
[]
["l.","Suitable rating of plugs top shall be provided for all Industrial type splash proof socket outlets."]
[]
["m.","Separate neutral and earthing wire shall be provided for each circuit."]
[]
["n.","Lighting and power circuit to be kept separate."]
[]
["o.","Different colours plates / switch socket shall be provided for UPS and raw power supply."]
[]
["p.","Expansion joints for conduiting etc. shall be provided in case of crossing of building expansion joint and as approved by engineer in-charge."]
[]
["q.","Conduits shall be terminated in switch & socket boxes / DB’s with good quality nuts & check nuts and brass bushes."]
[]
["r.","Circuit cum point wiring shall be as per specification and also Indian Electricity Act / NFPA."]
["Electrical and Fire"]
["Item","Description","Unit","Qty","Rate","Amount"]
[]
["A.","CIRCUIT CUM POINT WIRING",null,"                                                                                                              "]
[]
[1,"Wiring for the following light points with 1.5 sq.mm PVC insulated FRLS-H copper conductor 1100 volts grade stranded  flexible wires of approved make in concealed or surface mounted 25 mm dia 2mm thick “FRLS” PVC conduits including fixing of 6 amps single pole rocker operated flush mounted switch of approved quality colour make & design in 1.2 mm thick GI box and earthing of fixtures & the outlet box with 1.5 sq.mm  PVC  insulated FRLS-H copper conductor stranded flexible wire.Wiring from DB to switch board shall be done with 3x2.5sqmm PVC  insulated FRLS-H copper conductor stranded flexible wire"]
[]
[1.1,"MCB controlled Primary point (from DB to switch board - cost of switch & board NOT included)","Pts.",19]
[]
[{"$f":"A65+0.1","v":1.2000000000000002},"Secondary point with switch ( from switch board to switch Board - cost of switch & board included)","Pts.","RO"]
[]
[{"$f":"A67+0.1","v":1.3000000000000003},"Primery point with switch ( from switch board to first point - cost of switch & board included)","Pts.",19]
[]
[{"$f":"A69+0.1","v":1.4000000000000004},"Secondary point without switch ( from light point to light point - cost of switch & board NOT included)","Pts.",132]
[]
[2,"Wiring for light point as in item No. 1 above but controlled by SPMCB provided in the DB. (Cost of MCB not to be included here)."]
[]
[2.1,"Primary point controlled by one MCB.","Pt.","RO"]
[]
[2.2,"Same as item no. 16 above but Secondary point."]
[null,"i.e. Points to be looped with Primary point.","Pt.","RO"]
[]
[3,"Wiring for ceiling fan point with 1.5 sq.mm PVC insulated copper conductor 1100 volts grade stranded  flexible FRLS-H  wires in concealed or surface mounted  2mm thhick “FRLS-H ” PVC conduits, including providing fan hook box, 6 Amps switch and 120 watts electronic fan regulator of approved make in GI box and earthing the fan and outlet box with 1.5 sq. mm. PVC insulated copper conductor stranded flexible FRLS-H  wire, complete in all respect excluding  circuit wiring.","Pt.","RO"]
[]
[4,"Wiring for 250 volts single phase and neutral 6 / 16 Amps switched socket outlet with 4 sq.mm PVC   insulated copper conductor 1100 volts grade stranded flexible FRLS-H  wires in concealed or surface  mounted  25 mm dia 2mm thick “FRLS-H ” PVC conduits including providing and fixing of 6 / 16 Amps 5 pin switched  sockets of approved make and design in 1.2 mm thick GI box with grid plates and earthing the third pin of  each socket outlet with 4 Sq mm PVC insulated copper conductor stranded flexible FRLS-H  wire , complete in all respect. (Cost not to include wiring & conduiting)"]
[]
[4.1,"Primary point for 16 amps switched socket outlet","Pt",48]
[4.2,"Same as item no. 4.1 above but secondary point looped with primary point","Pt",{"$f":"95-D84","v":47}]
[]
[5,"Wiring for 250 volts single phase and neutral 6 Amps switched socket outlet with 2.5 sq.mm PVC     insulated copper conductor 1100 volts grade stranded flexible FRLS-H  wires in concealed or surface mounted  25 mm dia 2mm thick “FRLS-H ” PVC conduits including providing and fixing of 6 Amps 3 pin switch socket outlet of aprpoved make and design in 1.2 mm thick GI box with grid plate and earthing of third pin of the socket with 2.5  Sq. mm PVC insulated copper conductor stranded flexible FRLS-H  wire , complete in all respect."]
[]
[5.1,"Primary point for 6 amps switched socket outlet","Pt",26]
[5.2,"Same as item no. 5.1 above but secondary point looped with primary point","Pt",{"$f":"140-D89","v":114}]
[]
[null,"TOTAL CARRIED TO SUMMARY"]
["B.","CABLES, MAINS AND SUB MAINS "]
[]
[null,"The rate shall also include the following :"]
[]
["a.","Providing and fixing junction boxes with covers including painting."]
[]
["b.","Effecting adequate and proper connections at terminations."]
[]
["c.","Providing all fixing accessories such as clamping devices nuts, bolts and screws."]
[]
["d.","Excavation laying of cable filling of sand, brick protection, back filling of earth, watering, ramming and  making good."]
[]
["e.","Wherever the cables are of aluminium and bus bars of copper bimetallic lugs shall be used."]
[]
["f.","All cable shall be laid with one diameter gap."]
[]
["g.","All cables shall be IS approved."]
[" "]
["h.","Fire retardent paint one meter on both side of wall penetration and at termination as per specifications."]
[]
["i.","Burried LT cables to be laid atleast 750 mm below ground."]
[]
["j.","All cutouts / Sleeves shall be sealed with fire retardant sealent as per specification."]
["B.","CABLES, MAINS AND SUB MAINS "]
[]
[1,"Supplying & laying of following 1100 volt grade XLPE insulated PVC sheathed  aluminium conductor armoured cables as per specification in existing trenches, cable trays, ducts over bed of sand, clamped includes anchor fastners wall with suitable clamps, saddles fixing bolts including connecting testing and commissioning."]
[null,"(Incomming cable qty not concidred)"]
[{"$f":"A118+0.01","v":1.01},"4 core 10 sq.mm","RM",150]
[{"$f":"A120+0.01","v":1.02},"4 core 16 sq.mm","RM","RO"]
[1.03,"2 core 10 sq mm","RM","RO"]
[]
[{"$f":"A118+1","v":2},"Cable end termination of the following PVC insulated sheathed  XLPE aluminium conductor armoured cables of 1100 volt grade including supplying and fixing of crimping aluminium lugs, double compression glands with earthing facility at both ends of cables etc. complete as required."]
[]
[{"$f":"A124+0.01","v":2.01},"4 core 10 sq.mm","No.",8]
[{"$f":"A126+0.01","v":2.0199999999999996},"4 core 16 sq.mm","No.","RO"]
[2.0299999999999994,"2 core 10 sq mm","No.","RO"]
[]
[null,"TOTAL  CARRIED  TO SUMMARY"]
["C.","CABLE TRAYS , RACEWAY & JUNCTION BOXES :"]
[]
[null,"The cable management system shall comprise:"]
[]
["a.","Ladder cable trays and supports."]
[]
["b.","Perforated cable trays and supports."]
[]
["c.","Surface mounted wire ducts with brackets / supports."]
[]
["d.","Floor mounted raceways / trunking :"]
[]
[null,"It shall be as a system with floor also laid under floor supports, junction boxes, bends, and risers, access boxes and tap off boxes with switch mounting arrangement."]
[]
[null,"Materials for all the items shall be galvanized sheets except for junction boxes or fabricated products where CRCA sheets of minimum 2.00 thickness or (more adequate to bear the load of cables) shall be used with zinc plated / painted surface protection as specified."]
[]
["e.","All cuts/perforations/folded sections where contact with wires/cables in expected shall be burr free."]
[]
["f.","Zinc coating shall be 120 gm / square meter or more. The materials shall conform to relevant IS / BS standards for the category / application specified."]
[]
["g.","The cable tray / raceways / ducts / trunking shall be factory built. Only cutting to achieve assembly system length shall be permitted at site."]
[]
["h.","Accurate fabrication formed section with tolerances of + 2 mm on width and + 5 mm on length expected."]
[]
["i.","Dimensional and general arrangement drawing of the system are expected to be provided by tenderer / cable tray / duct supplier."]
[]
["j.","The system shall be designed for installation with a temperature classification of + 60 deg.C."]
[]
["k.","The cable tray/duct systems shall be suitable for against corrosion."]
[]
["l.","Details of fixing supports etc. shall be submitted for approval."]
["C.","CABLE TRAYS, RACEWAY & JUNCTION BOXES:"]
[]
[1,"Supply and fixing of pregalvanized factory fabricated GI ladder type cable tays, with radial bends, supports and fixing hardware etc. with of the following sizes as per specification."]
[]
[1.1,"150  mm x 40 x 40 x 2 mm thick                        ","RM","RO"]
[1.2,"100  mm x 40 x 40 x 2 mm thick","RM",40]
[]
[]
[null,"TOTAL CARRIED TO SUMMARY"]
[]
["D","VERTICAL TPN DISTRIBUTION BOARDS"]
[]
[1,"Raw Power & Lighting: 4 Way Dopuble Door VTPN DB with 1 No. 100A 3P 16kA MCCB Incoming and 4 No.s  40A 3P 10kA C Curve MCBs as Outgoings","No.s",1]
[]
[2,"UPS Distribution: 4 Way Dopuble Door VTPN DB with 1 No. 63A 3P 16kA MCCB Incoming and 4 No.s  40A 3P 10kA D Curve MCBs as Outgoings","No.s",1]
[]
[3,"HVAC: 4 Way Dopuble Door VTPN DB with 1 No. 63A 3P 16kA MCCB Incoming and 4 No.s  32A 3P 10kA C Curve MCBs as Outgoings","No.s",1]
[]
[]
["E","FINAL DISTRIBUTION BOARDS"]
[]
[null,"Supply, installation, testing and commissioning of the following seven segment FDB's fabricated out of 1.6 mm thick, CRCA sheet steel in  dust and vermin proof, double door construction, powder coated with approved shade and  segregate phases. Approved  covers with padlocking arrangement, recessed in wall or surface mounted final distribution boards of the following description:"]
[]
[1,"Type  A (Power)"]
[]
[null,"TPN DB, 24 Nos.10/16 Amps SP MCB’s as outgoing  with  3 Nos. 40 amps. DP RCCB’s  of  100 mA leakage current and 1No. 40 Amps 4 pole MCB isolator as incomer with separate  neutral link for each phase. (All MCB shall be \"C\" Curve.)","No.",1]
[]
[null,"TPN DB, 18 Nos.10/16 Amps SP MCB’s as outgoing  with  3 Nos. 32 amps. DP RCCB’s  of  100 mA leakage current and 1No. 32 Amps 4 pole MCB isolator as incomer with separate  neutral link for each phase. (All MCB shall be \"C\" Curve.)","No.",1]
[]
[]
[2,"Type  B (Lighting)"]
[]
[null,"TPN DB, 24 Nos.10/16 Amps SP MCB’s as outgoing  with  3 Nos. 40 amps. DP RCCB’s  of  100 mA leakage current and 1No. 40 Amps 4 pole MCB isolator as incomer with separate  neutral link for each phase.(All MCB shall be \"C\" Curve.)","No.",1]
[]
[3,"Type  C (UPS power and Emergency Lighting)"]
[]
[null,"TPN DB, 24 Nos.10/16 Amps SP MCB’s as outgoing  with  3 Nos. 40 amps. DP RCCB’s  of  100 mA leakage current and 1No. 40 Amps 4 pole MCB isolator as incomer with separate  neutral link for each phase.(All MCB shall be \"D\" Curve.)","No.",1]
[]
[4,"Type D (ACDB)"]
[]
[null,"TPN DB 12 No. 10/16 Amps SP MCB as outgoing with 3 No.s 32 Amps DP  RCCBs of 30 mA leakage current and 40 Amps 4 pole MCB isolator as incomer with separate  neutral link for each phase.(All MCB shall be \"C\" Curve.)","No.",1]
[]
[]
[null,"TOTAL CARRIED TO SUMMARY"]
["E","EARTHING CONDUCTORS"]
[]
[null,"Rates shall also include the following :"]
["     "]
["a.","All fixing accessories such as brass saddles, brass screws rawl plugs etc."]
[]
["b.","Jointing by rivetting and brazing after rivetting in case of copper and welding / bolting in case of GI earthing."]
[]
["c.","Cutting chases holes and making good the same wherever required."]
[]
["d.","Effecting adequate and proper interconnections."]
[]
["e.","Use of copper thimbles."]
[]
["f.","Earthing system shall comply to IS:3043-1987."]
[]
["g.","All earthing pits shall be interconeected."]
[]
["h.","All equipment motors, DB’s, panels to be connected on either ends (double earthing) with suitable strip / wires."]
[]
[null,"EARTHING CONDUCTOR"]
[]
[1,"Supply, Testing & Commissioning, fixing of following bare GI tapes / wires including all necessary fixing  accessories and effecting connections as per specifications."]
[]
[{"$f":"A228+0.1","v":1.1},"25 x 3 mm thick GI tape.","RM",30]
[{"$f":"A230+0.1","v":1.2000000000000002},"8 SWG GI wire","RM",40]
[]
[2,"Providing, laying, testing and commissioning of following 1100 volts grade PVC insulated sheathed copper conductor unarmoured cable including copper thimbles, fixing hardware as required."]
[]
[2.1,"Single core 10 sq.mm Green colour cable","RM",10]
[{"$f":"A235+0.1","v":2.2},"Single core 6 sq.mm Green colour cable","RM",15]
[]
[null,"TOTAL CARRIED TO SUMMARY"]
["F","SUPPLY AND INSTALLATION OF LIGHTING FIXUTRES  "]
[]
["a.","The rates shall include all components that may be required to make the installation complete in all respects such as :"]
[]
["*","Suitable length of GI down rod, hanger and connecting wires where called for."]
[]
["*","Internal wiring between accessories."]
[]
["*","Wires for connecting the fixtures to the point through connector block."]
[]
["*","All metal blocks to serve as base of fixtures."]
[]
["*","Bonding with earth wires."]
[]
["b.","Drilling holes in supports wherever required."]
[]
["c.","Fixing clAmps, GI bolts and nuts, brass screws, saddles, rawl bolts and other fixing accessories as required."]
[]
["d.","Testing of all fixtures & fans before and after installation."]
[null,"SUPPLY AND INSTALLATION OF LIGHTING FIXUTRES  "]
[]
[1,"P/f of 600X300 LED recessed light panels","Each",20]
[]
[2,"P/f of 300X300 LED recessed light panels","Each",55]
[]
[3,"P/F of 18W round recessed light fittings","Each",34]
[]
[4,"P/F of 12/15W round recessed light fittings","Each",14]
[]
[5,"P/F Mirror Light","Each",6]
[]
[6,"P/F of Linear Light complete with fitting","Each",22]
[]
[7,"P/F OT light Mach LED 3sc + LED 2sc\n(160000 Lux + 130000 Lux)\nDr. Mach Double Arm Ceiling mount Ot Lamp Combination on Central Axix with standard accessories","Each",2]
[null,"TOTAL  CARRIED  TO SUMMARY"]
[]
["G","CONDUITING WIRING AND CABLING FOR  TELEPHONE/DATA SYSTEM "]
[]
[null,"Supply, installation, testing and commissioning of all conduiting and cabling for telephone system including providing and fixing of the following:"]
[]
["a.","All necessary specials and fittings, brass bushes etc."]
[]
["b.","Approved cover plates for inspection, junction and outlet boxes."]
[]
["c.","1.6 mm thick outlet boxes and junction boxes."]
[]
["d.","All fixing accessories such as clips, nails, screws etc."]
[]
["e.","Providing and fixing approved saddles, hooks and grouting the same as required, in the case of all exposed conduit work."]
[]
["f.","Embedding conduits and accessories in wall, floors etc. during construction and / or cutting chases and making good as necessary in the case of all concealed conduit work."]
[]
["g.","Providing 14 SWG GI pull wire in all conduit work."]
[]
["h.","Repainting of MS conduit, outlet boxes and junction boxes when ever damaged."]
[null,"CONDUITING WIRING AND CABLING FOR  TELEPHONE/DATA SYSTEM "]
[]
[1,"Supply and fixing of  2mm thick “FRLS-H ” PVC conduitsin following sizes including cost of junction boxes, bends, elbows, sockets, tees etc. laying in slab cutting chasis and making good or surface mounted including all fixing hardware."]
[]
[1.1,"32 mm dia conduit","RM",0]
[1.2,"25 mm dia conduit","RM",{"$f":"1052*162/48","v":{"v":3550.5,"d":"3551"}}]
[1.3,"20 mm dia conduit","RM",0]
[]
[2,"Supply, installation, testing and commissioning of 4 pair Category 6 LAN cable consisting of 24 AWG solid copper conductors and as per the specification."]
[]
[2.1,"The cable should have flexible Jacket and ripcord for easy stripability","RM",{"$f":"22000*48/315*162/48","v":{"v":11314.285714285716,"d":"11314"}}]
[]
[3,"Supply, fixing, cable termination, testing and commissioning of  krone type Tag Blocks and boxes with lockable door etc. as required."]
[]
[3.1,"10-30 pair tag box","No.","RO"]
[]
[4,"Wiring for telephone junction with PVC insulated tinned copper conductor cables / wires of in existing conduits / trays / raceways."]
[]
[4.1,"20 pair cable cat-5E with 24 SWG tinned copper conductor cable","RM","RO"]
[]
[5,"Supply, installation, testing and commissioning of following Category 6 IDC patch panel prepackaged with wiring block with legs insert labels, label holders, jumper troughs, metal back panel, duct assembly, screws, washers and an instruction sheet for termination of incoming pairs. Quoted price shall include suitable lockable enclosure etc. as required."]
[]
[5.1,"48 port jack panel","No.",4]
[]
[6,"Supply, installation, testing and commissioning of flush mounted outlets wired to T 568 A or B with British style faceplace. The plastic shall be high impact, flame-retardant, UL rate thermoplastic. Dust cover/ blank shall be provided to protect unused faceplate openings. Termination caps and plastic over should be provided to protect jack wiring. Quoted price shall be inclusive of 1.6 mm thick GI Boxes."]
[]
[6.1,"Single outlet faceplate with RJ-45 jack","No.",165]
[]
[7,"Supply and fixing telephone outlets with grid plate and RJ-11 jack in 1.6 mm thick GI box complete including cutting, chases, fixing of GI boxes and making good (Cover plate shall match the colour size and make of wiring accessories to be used in the project).","No.","RO"]
[]
["H","RE-ROUTING OF EXISTING FIRE ALARM AND FIRE PROTECTION SYSTEM AND CONNECTIONS"]
[]
[1,"Refurbishment and Cleaning of existing existing toilets and fittings","Lot",1]
[]
[2,"Re-routing of existing fire fighting/ sprinkler system as per final layout, complying to NBC-2016/ NFPA","Lot",1]
[]
[]
[null,"TOTAL CARRIED TO SUMMARY"]
[]
[null,"TOTAL OF ALL HEADS",{"$nulls":3},{"$f":"F92+F130+F170+F205+#REF!+F238+#REF!+#REF!+F273+F331+#REF!","v":{"$error":"#REF!"}}]

{"sheet":"MB","index":3,"n_rows":25,"n_cols":9,"rows_kept":25,"hidden":true}
[null,"Qty","UPS 6A","UPS 6/16A","RP 6A","RP 6/16A","Data","Phone"]
["Beds",10,null,{"$f":"10*B2","v":100},{"$f":"2*B2","v":20},{"$f":"1*B2","v":10},{"$f":"B2","v":10}]
["Eqpt Store",1,null,{"$f":"3*B3","v":3},null,{"$f":"2","v":2},1,1]
["DDR",1,3,null,3,1,{"$f":"C4","v":3},1]
["CU",1,1,null,null,2]
["Stretcher Parking",1,null,1,null,1]
["Meeting Room",7,{"$f":"2*B7","v":14},null,{"$f":"B7","v":7},2,{"$f":"C7","v":14},2]
["Locker",1,{"$nulls":3},2,null,2]
["Nurse Station",10,{"$f":"2*B9","v":20},null,10,1,{"$f":"C9","v":20},{"$f":"B9","v":10}]
[null,null,{"$f":"SUM(C2:C9)","v":38},{"$f":"SUM(D2:D9)","v":104},40,21,48,16,{"$f":"SUM(C10:H10)","v":267}]
[{"$nulls":5},{"$f":"C10+D10+E10+F10","v":203}]
["Ckts",null,7,{"$f":"D10/2","v":52},7,11]
[null,null,"6 Way SPN","12-Way TPN x 2","6-Way SPN","8-Way TPN"]
[null,null,"2 x 10sqmm","4 x 25sqmm","2 x 10sqmm","4 x 16sqmm"]
[]
["Primary Points (6/16A)",null,null,{"$f":"D12+F12","v":63}]
["Secondary",null,null,{"$f":"(D10+F10)-D16","v":62}]
[]
["Primary 6A",null,null,{"$f":"C12+E12","v":14}]
["Secondary",null,null,{"$f":"(C10+E10)-D19","v":64}]
[]
[]
["Lighting",151,19]
[null,null,"10-Way TPN"]
[null,null,"4 x 16sqmm"]

{"sheet":"PHE","index":4,"n_rows":377,"n_cols":11,"rows_kept":377,"hidden":true,"merged":[[0,0,0,6],[2,0,2,1],[4,1,4,6],[6,1,6,6],[8,1,8,6],[10,1,10,6],[12,1,12,6],[14,1,14,6],[16,1,16,6],[18,1,18,6],[20,1,20,6],[22,1,22,6],[24,1,24,6],[26,1,26,6],[28,1,28,6],[30,1,30,6],[32,1,32,6],[34,1,34,6],[36,1,36,6],[37,1,37,3],[38,1,38,6],[40,1,40,6],[42,1,42,6],[44,1,44,6],[46,1,46,6],[47,8,47,10],[62,4,63,4],[62,5,63,5],[62,8,63,8],[62,9,63,9],[67,4,68,4],[67,5,68,5],[67,8,68,8],[67,9,68,9],[72,4,73,4],[72,5,73,5],[72,8,73,8],[72,9,73,9],[76,4,77,4],[76,5,77,5],[76,8,77,8],[76,9,77,9],[81,4,82,4],[81,5,82,5],[81,8,82,8],[81,9,82,9],[85,4,86,4],[85,5,86,5],[85,8,86,8],[85,9,86,9],[89,4,90,4],[89,5,90,5],[89,8,90,8],[89,9,90,9],[94,4,95,4],[94,5,95,5],[94,8,95,8],[94,9,95,9],[99,4,100,4],[99,5,100,5],[99,8,100,8],[99,9,100,9],[103,4,104,4],[103,5,104,5],[103,8,104,8],[103,9,104,9],[107,4,108,4],[107,5,108,5],[107,8,108,8],[107,9,108,9],[111,4,112,4],[111,5,112,5],[111,8,112,8],[111,9,112,9],[115,4,116,4],[115,5,116,5],[115,8,116,8],[115,9,116,9],[119,4,120,4],[119,5,120,5],[119,8,120,8],[119,9,120,9],[123,4,124,4],[123,5,124,5],[123,8,124,8],[123,9,124,9],[127,4,128,4],[127,5,128,5],[127,8,128,8],[131,4,132,4],[131,5,132,5],[131,8,132,8],[131,9,132,9],[135,4,136,4],[135,5,136,5],[135,8,136,8],[135,9,136,9],[139,4,140,4],[139,5,140,5],[139,8,140,8],[139,9,140,9],[143,4,144,4],[143,5,144,5],[143,8,144,8],[148,4,149,4],[148,5,149,5],[148,8,149,8],[152,4,153,4],[152,5,153,5],[152,8,153,8],[152,9,153,9],[156,4,157,4],[156,5,157,5],[156,8,157,8],[156,9,157,9],[160,4,161,4],[160,5,161,5],[160,8,161,8],[160,9,161,9],[164,4,165,4],[164,5,165,5],[164,8,165,8],[164,9,165,9],[168,4,169,4],[168,5,169,5],[168,8,169,8],[168,9,169,9],[177,4,178,4],[177,5,178,5],[177,8,178,8],[177,9,178,9],[181,4,182,4],[181,5,182,5],[181,8,182,8],[181,9,182,9],[185,4,186,4],[185,5,186,5],[185,8,186,8],[185,9,186,9],[189,4,190,4],[189,5,190,5],[189,8,190,8],[189,9,190,9]]}
["SCHEDULE OF QUANTITIES"]
[]
["PREAMBLE"]
[]
[1,"All items of work under this Contract shall be executed strictly to fulfill the requirements laid down under “Basis of Design” in the specifications. Type of equipment, material specification, methods of installation and testing and type of control shall be in accordance with the specifications, approved shop drawings and the relevant Indian Standards, however capacity of each component and their quantities shall be such as to fulfill the above mentioned requirement."]
[]
[2,"The unit rate for all equipment or materials shall include cost in INDIAN RUPEES (INR) for equipment and materials including all taxes and duties and also including forwarding, freight, insurance and transport into Contractor’s store at site, storage, installation, testing, balancing, commissioning and other works required."]
[]
[3,"The rate for each item of work included in the Schedule of Quantities shall, unless expressly stated otherwise, include cost of:"]
[]
[null,"a. All materials, fixing materials, accessories, appliances tools, plants, equipment, transport, labour and incidentals required in preparation for and in the full and entire execution, testing, balancing, commissioning and completion of work called for in the item and as per Specifications and Drawings."]
[]
[null,"b. Loading, transporting, unloading, handling/double handling, hoisting to all levels, setting, fitting and fixing in position, protecting, disposal of debris and all other labour necessary in and for the full and entire execution and for the job in accordance with the contract documents, good practice and recognized principles."]
[]
[null,"c. Liabilities, obligations and risks arising out of Conditions of Contract."]
[]
[null,"d. All requirements of Specifications, whether such requirements are mentioned in the item or not. The Specifications and Drawings where available, are to be read as complimentary to and part of the Bill of Quantities and any work called for in one shall be taken as required for all."]
[]
[null,"e. In the event of conflict between Bill of Quantities and other documents including the Specifications, the most stringent shall apply. The interpretation of the Architect / Consultant /Project Manager shall be final and binding."]
[]
[4,"The Contractor shall procure and bring Materials/Equipment to the site only on the basis of drawings approved for construction and shop drawings and not on the basis of Bill of Quantities which are approximate only. This also applies to the Contractor’s requisition for Owner supplied materials."]
[]
[5,"The contractor shall include for making all the opening in slabs, beams, walls etc. as required for his work. However, the contractor can coordinate with civil work to provide necessary sleeves. All openings shall be closed using water proofing compound or as specified by Project Manager."]
[]
[6,"The work shall be carried out in conformity with the plumbing drawings and within the requirements of architectural, HVAC, electrical structural and other specialized services drawings."]
[]
[7,"The contractor shall cooperate with all trades and agencies working on the site. He shall make provision for hangers, sleeves, structural openings and other requirements well in advance to prevent hold up of progress of the construction schedule. All supports to the civil structure shall be provided with anchor fastners."]
[]
[8,"On award of the work, contractor shall submit a schedule of construction in the form of a PERT chart or BAR chart for approval of the Project Manager."]
[]
[9,"On award of the work the contractor shall be issued two (2) Set of consultant’s drawings. The drawings shall be the basis of contractor’s shop drawings."]
[]
[10,"Shop drawings are detailed working drawings coordinated with other trading work, which incorporate the contractor’s details for execution of the work and incorporate equipment manufacturer’s details and dimensions to ensure that the same can be installed in the space provided."]
[]
[11,"All shop drawings should detail pipe routing and levels, showing location of other services at crossings etc., cable runs, route cable trays and all allied works and must be fully coordinated with other services, before execution of the works."]
[]
[12,"All shop drawings will be made on Autocad and coloured prints has to be produced for site work."]
[]
[13,"All rates quoted are inclusive of cutting holes and chases in walls and making good the same with cement mortar of appropriate mix and strength as directed by the Project Manager. Contractor shall provide holes, sleeves, recesses in the masonry work as the work proceeds. "]
[]
[14,"The contractor shall, from time to time, clear away all debris and excess materials accumulated at the site failing which the same shall be done by Project Manager at contractor’s risk and cost and cost of clean up shall be deducted from the contractors prorata bill."]
[]
[15,"After the fixtures, equipment and appliances have been installed and commissioned, contractor shall cleanup the same and remove all plaster, paints, stains, stickers and other foreign matter or discoloration leaving the same in a ready to use condition."]
[]
[16,"On completion of all works, contractor shall demolish all stores, remove all surplus materials and leave the site in a broom clean condition, failing which the same shall be done by the Project Manager at the Contractor'’ risk and cost. Cost of the cleanup shall be deducted from the contractor’s bills on pro-rata basis in proportion to his contact value."]
[]
[17,"All Equipments, quantities and technical data indicated in this Schedule are for the Contractor's guidance only, these are based on the documents prepared by the services Consultant. This schedule must be read in conjunction with other documents. The Contractor shall be paid for actual quantity of work executed by him in accordance with the approved shop Drawings at the contract rates. Any item inadvertenly missing from schedule of quantities but required for the completion of work, shall be deemed to be included in the rates quoted by the contractor unless and untill scope or design of the work is changed and nothing extra shall be paid."]
[{"$nulls":8},"REVISED AS/INCREASED RATES"]
["Item","Description","Unit","Qty","Rate","Amount","Remarks",null,"Rate","Amount","Remarks"]
[]
["A.","SANITARY FIXTURES & FITTINGS (INSTALLATION ONLY)"]
[]
[null,"Note:"]
[]
[null,"i. Detail of Sanitary fixture are for the information of the Contractor, however model / makes of all sanitary fixture shall be selected by Architect / Interior designer / client and the same shall be binding for execution."]
[]
[null,"ii. No additional all fixing cost shall be paid for change in type of sanitary fixture or fitting."]
[]
[null,"iii. Provision of extension piece for final connection of CP fitting shall be supplied and installed by the contractor accordingly (as required)."]
[]
[1,"Fixing, testing and commissioning of white vitreous china wall mounted type European water closet including providing & fixing CP bolts, nuts, CI chair (painted with two coats of enamel paint over a coat of primer) or other hanging arrangements, close-coupled low volume compatiable cistern with C.P. bolts, nuts, supporting arrangements, bakelite / poly propylene seat & cover with CP hinges & rubber buffers, complete with all accessories. Including cutting & making good the walls & floors wherever required. (Make:- Parryware, Closet-C0264, Seat Cover-E8112, Cistern-Linea Plus E812099 (80mm), Flush Plate-C8218A1 Square (Chrome))",{"$nulls":4},"Parryware - Cardiff C0264 Closet; Size - 375(H) X 350(W) X 520(D);                     Color – White;                      Seat Cover - Cardiff Soft Closet E8112 Color – White;                                Concealed Cistern - C821099 (80mm);                    Flush Plate : C821199 Square (Chrome)             "]
[null,"Size:-  375(H) X 350(W) X 520(D) \n"]
[null,"Supply","No.",{"$f":"D64","v":68},16965,{"$f":"D63*E63","v":1153620},null,null,16965,{"$f":"D63*I63","v":1153620}]
[null,"Installation","No.",68]
[]
[2,"Fixing, testing and commissioning of vitreous china white Wall hung wash basin (No Counter) in with CP brass waste assembly, wall flanges and rubber adapters for waste connection complete including CI/MS brackets duly painted, nuts, washers, cutting and making good the walls floors wherever required. (Make:-Parryware - Cascade NXT C0404 ), All Toilet, OPD, Nurse stations, Ante room, airlock & Janitor etc.",{"$nulls":4},"Parryware - Cascade NXT C0404 Basin;                    Size – 570(L) X 440(W) X 220(H);                        C0379 Short Pedestal Color – White"]
[null,"Size:- 570(L) X 440(W) X 220(H)"]
[null,"Supply","No.",{"$f":"D69","v":98},4941,{"$f":"D68*E68","v":484218},null,null,4941,{"$f":"D68*I68","v":484218}]
[null,"Installation","No.",98]
[]
[3,"Fixing, testing and commissioning of vitreous china white Wall hung wash basin (No Counter) in with CP brass waste assembly, wall flanges and rubber adapters for waste connection complete including CI/MS brackets duly painted, nuts, washers, cutting and making good the walls floors wherever required. (Make:-Parryware - C0408), Janitor in First Floor",{"$nulls":4},"Parryware -  C0408 Basin;                    Size – 400(L) X 400(W) X 195(H);                       "]
[null,"Size:- 400(L) X 400(W) X195(H)"]
[null,"Supply","No.",{"$f":"D74","v":2},4941,{"$f":"D73*E73","v":9882},null,null,4941,{"$f":"D73*I73","v":9882}]
[null,"Installation","No.",2]
[]
[4,"Fixing, testing and commissioning of Health faucet with regulator with Hand Shower with 8mm Dia, 1 Meter Long PVC Tube & Wall Hook complete as required. (Make:- Jaquar-ald-563)",{"$nulls":4},"Jaquar - ALD-563; Hand Shower with 8mm Dia, 1 Meter Long PVC; Tube & Wall Hook"]
[null,"Supply","No.",{"$f":"D78","v":68},947,{"$f":"D77*E77","v":64396},null,null,947,{"$f":"D77*I77","v":64396}]
[null,"Installation","No.",{"$f":"D64","v":68}]
[]
[5,"Fixing, testing and commissioning of Stainless Steel sink, (Under Counter), (Single Bowl) ncluding providing & fixing C.I./M.S. Brackets (duly painted with 2 coats of paint over a coat of primer) C.P. cast brass bottle trap with extension piece, rubber adaptor, wall flange, union, C.P. brass chainrubber plug & making good. (Make:- Neelkanth:- Model- NK SB20M,), Pantry, Nuclear medicine ward etc.",{"$nulls":4},"Jayna SBF01, bowl size 410x352x200"]
[null,"Size:- 400(L) X 350(W) X 230 (H)"]
[null,"Supply","No.",{"$f":"D83","v":9},8235,{"$f":"D82*E82","v":74115},null,null,8235,{"$f":"D82*I82","v":74115}]
[null,"Installation","No.",9]
[]
[6,"Fixing, testing and commissioning of Stainless Steel sink, (Wall Hung), (Single Bowl) ncluding providing & fixing C.I./M.S. Brackets (duly painted with 2 coats of paint over a coat of primer) C.P. cast brass bottle trap with extension piece, rubber adaptor, wall flange, union, C.P. brass chainrubber plug & making good. (Make:- Parryware-  C8826, Inslim), Only For DU",{"$nulls":4},"Jayna SBF01, bowl size 410x352x200"]
[null,"Supply","No.",{"$f":"D87","v":11},8235,{"$f":"D86*E86","v":90585},null,null,8235,{"$f":"D86*I86","v":90585}]
[null,"Installation","No.",11]
[]
[7,"Fixing, testing and commissioning of Ceramic Sink, (Under Counter), (Single Bowl) ncluding providing & fixing C.I./M.S. Brackets (duly painted with 2 coats of paint over a coat of primer) C.P. cast brass bottle trap with extension piece, rubber adaptor, wall flange, union, C.P. brass chainrubber plug & making good. (Make:- Parryware-  Maestro/C0425/white), Only For CU",{"$nulls":4},"Parryware -  Maestro C0425 white Basin;                                       "]
[null,"Supply","No.",{"$f":"D91","v":10},4941,{"$f":"D90*E90","v":49410},null,null,4941,{"$f":"D90*I90","v":49410}]
[null,"Installation","No.",10]
[]
[8,"Fixing, testing and commissioning of CP brass wall  mounted sink mixer with C.P. wall flange, overhead swinging spout complete as required and making good. (Make:-Jaquar- CQT-23309), For sink in Du/ Pantry/Nuclear medicine therapy ward.",{"$nulls":4},"Jaquar CQT 23309; Single Lever Sink Mixer with Swinging Spout"]
[null,"Only For Hot And Cold Water Supply"]
[null,"Supply","No.",{"$f":"D96","v":20},2677,{"$f":"D95*E95","v":53540},null,null,2677,{"$f":"D95*I95","v":53540}]
[null,"Installation","No.",20]
[]
[9,"Fixing, testing and commissioning of CP brass wall  mounted sink mixer with C.P. wall flange, overhead swinging spout complete as required and making good. (Make:-Jaquar- CQT-CQT-23347), For sink in Cu/ /Nuclear medicine therapy ward",{"$nulls":4},"Jaquar CQT 23347; Sink cock with sqinging spout wall mounted"]
[null,"Only For Cold Water Supply"]
[null,"Supply","No.",{"$f":"D101","v":10},1525,{"$f":"D100*E100","v":15250},null,null,1525,{"$f":"D100*I100","v":15250}]
[null,"Installation","No.",10]
[]
[10,"Fixing, testing and commissioning of 15 mm dia CP brass short body bib cock with CP wall flange of approved quality (Make:-Jaquar- SOL-CHR-6047) , Janitor and wash areas.",{"$nulls":4},"Jaquar Sol 6047 Bib cock"]
[null,"Supply","No.",{"$f":"D105","v":11},1585,{"$f":"D104*E104","v":17435},null,null,1585,{"$f":"D104*I104","v":17435}]
[null,"Installation","No.",{"$f":"6+5","v":11}]
[]
[11,"Fixing, testing & commissioning of C.P. brass single lever basin mixer with / without pop up waste system complete as required. (Make:- Jaquar - OPL-15011B), For all wash basin except public toilets",{"$nulls":4},"Jaquar OPP 15011BPM single level basin mixer without popup waste"]
[null,"Supply","No.",{"$f":"D109","v":34},3665,{"$f":"D108*E108","v":124610},null,null,3665,{"$f":"D108*I108","v":124610}]
[null,"Installation","No.",34]
[]
[12,"Providing and Fixings15mm Pressmatic Pillar Cock Auto Closing System. of wash basin  of approved quality and direction of Engineer-in-charge. (Make:- Jaquar - RS-031PRS-031), Public Toilets wash basins, Janitor wash basin.",{"$nulls":4},"Jaquar - PRS-031, Pillar cock with auto closing system"]
[null,"Supply","No.",{"$f":"D113","v":17},1935,{"$f":"D112*E112","v":32895},null,null,1935,{"$f":"D112*I112","v":32895}]
[null,"Installation","No.",17]
[]
[13,"Fixing, testing and commisioning of clinical lever range elbow operated CP Brass Wall Mounted Single lever sink mixer with wall flange, extended operating lever, swinging spout and surgical purpose handle complete with all accessories as required and making good the walls wherever required. Medi Series (Make:- Jaquar FLR-5033B), Endoscopy, HDU), BMT isolation room anti space.",{"$nulls":4},"Jaquar FLR 5033B, Single lever surgical propose elbow action basin mixer"]
[null,"Supply","No.",{"$f":"D117","v":9},3250,{"$f":"D116*E116","v":29250},null,null,3250,{"$f":"D116*I116","v":29250}]
[null,"Installation","No.",9]
[]
[14,"Fixing,testing and commissioning of CP brass angle valve with strainer with CP wall flange, Nut and Washer etc. complete as required. (Make:- Jaquar FON-40053)",{"$nulls":4},"Jaquar FON 40053 Angular stop cock with wall flange"]
[null,"Supply","No.",{"$f":"D121","v":147},960,{"$f":"D120*E120","v":141120},null,null,960,{"$f":"D120*I120","v":141120}]
[null,"Installation","No.",147]
[]
[{"$f":"A119+1","v":15},"Fixing, testing and commissioning of CP Braided hoses connection 450 mm long including nuts and washers and making connection to fixtures and fittings complete as required. (Make:- Jaquar ALD-805B)",{"$nulls":4},"Jaquar  No - ALD-805B"]
[null,"Supply","No.",{"$f":"D125","v":147},370,{"$f":"D124*E124","v":54390},null,null,370,{"$f":"D124*I124","v":54390}]
[null,"Installation","No.",{"$f":"D121","v":147}]
[]
[{"$f":"A123+1","v":16},"Fixing C.P. brass Towel ring and fitting complete as required (Make:- ",{"$nulls":4},"Jaquar ACN 1121BN"]
[null,"Supply","No.",{"$f":"D129","v":"RO"},1050,{"$nulls":3},1050]
[null,"Installation","No.","RO"]
[]
[{"$f":"A127+1","v":17},"Fixing Recessed type S.S. toilet paper holder with PVC rawl plug & C.P. brass screw complete as required.(Make:- Jaquar, ACN-1153NACN-1153N)",{"$nulls":4},"Jaquar - ACN-1153S"]
[null,"Supply","No.",{"$f":"D133","v":72},1150,{"$f":"D132*E132","v":82800},null,null,1150,{"$f":"D132*I132","v":82800}]
[null,"Installation","No.",72]
[]
[{"$f":"A131+1","v":18},"Fixing C.P. brass twin coat hook with PVC rawl plug & C.P. brass screw complete as required. (Make:- Jaquar ACN-1161NACN-1161N)",{"$nulls":4},"Jaquar - ACN-1161N"]
[null,"Supply","No.",{"$f":"D137","v":45},495,{"$f":"D136*E136","v":22275},null,null,495,{"$f":"D136*I136","v":22275}]
[null,"Installation","No.",45]
[]
[{"$f":"A135+1","v":19},"Fixing, testing and commissioning of white viterous china large flat back / half stall urinal supported by CI / MS bracket (duly painted with 2 coats of paints over a coat of primer), including CP brass waste with dome type grating, CP cast brass bottle trap with extension piece, wall flanges complete with all accessories. (Make:- Jaquar-13255 & Plate No. - 51097)",{"$nulls":4},"Jaquar - 13255 & Plate No. - 51097, Urinal without Sensor URS-WHT-13255 "]
[null,"Supply","No.",{"$f":"D141","v":11},14600,{"$f":"D140*E140","v":160600},null,null,14600,{"$f":"D140*I140","v":160600}]
[null,"Installation","No.",11]
[]
[{"$f":"A139+1","v":20},"Fixing, testing and commissioning of automatic flushing systems for urinal to ensure pre-flush & flushing only immediately after use, comprising of all plumbing, electronic and electrical items. CP brass flush pipe with CP brass elbow, CP brass spreader, CP wall flange, infrared photo cells, eyes electrically operated solenoid valve, step down transformer / equipment and any other item required to provide satisfactory functioning. Including necessary wall cutting / chasing and making good, as required. (Make:- Parryware- SNR 51087)",{"$nulls":4},"Jaquar SNR 51087"]
[null,"Supply","No.","RO",8225,null,"included in above item",null,8225]
[null,"Installation","No.","RO"]
[]
[{"$f":"A143+1","v":21},"Providing and fixing  urinal partitions and all accessories of approved quality as per direction of Engineer-in-charge and finished smooth. (Make:- Paeeyware- C0571 Magnum )",{"$nulls":4},"Jaquar JSE-CHR-110UC450X; 900(H) x 450 (W), curved shaped"]
[null,"Size - 350(L) X 130(W) X 675 (H)"]
[null,"Supply","No.","RO",6500,null,"included in Interiors BOQ",null,6500]
[null,"Installation","No.","RO"]
[]
[{"$f":"A147+1","v":22},"Providing, fixing of C.P. brass Deoduriser (Make:-Euronics EAO3)",{"$nulls":4},"Euronics EA03"]
[null,"Supply","No.",{"$f":"D154","v":72},3145,{"$f":"D153*E153","v":226440},null,null,3145,{"$f":"D153*I153","v":226440}]
[null,"Installation","No.",72]
[]
[{"$f":"A152+1","v":23},"Receiving, Storing, Fixing of CP Brass Bath and Shower Mixer with provision of overhead shower with 115mm long bend pipe, in built spout, spout / shower selector with wall flange complete with all accessories as required and making good the walls wherever required.( Make:- Jaquar, Hand Shower-HSH-1717, Sliding Rail-SHA-1187, Shower Tube-SHA-549D8, Bath & Shower Mixer- OPL-15065K, Bath Spout- Opal SPJ-15463 )",{"$nulls":4},"Jaquar, Hand Shower-HSH-1717, Sliding Rail-SHA-1187, Shower Tube-SHA-549D8, Bath & Shower Mixer- OPL-15065K, Bath Spout- Opal SPJ-15463"]
[null,"Supply","No.",{"$f":"D158","v":29},7825,{"$f":"D157*E157","v":226925},null,null,7825,{"$f":"D157*I157","v":226925}]
[null,"Installation","No.",29]
[]
[{"$f":"A156+1","v":24},"Receiving, Storing,  fixing of C.P. brass Towel Rail - 600mm long - (Make:- Jaquar- ACN-1111BNM)\n",{"$nulls":4},"Jaquar- ACN-1111BNM"]
[null,"Supply","No.",{"$f":"D162","v":29},1111,{"$f":"D161*E161","v":32219},null,null,1111,{"$f":"D161*I161","v":32219}]
[null,"Installation","No.",29]
[]
[{"$f":"A160+1","v":25},"Receiving, Storing, Fixing ABS plastic body liquid soap dispenser with push lever assembly complete with soap refill. (Make:- Jaquar- SDR-WHT-DJ0010F)",{"$nulls":4}," Jaquar- SDR-WHT-DJ0010F"]
[null,"Supply","No.",{"$f":"D166","v":100},1320,{"$f":"D165*E165","v":132000},null,null,1320,{"$f":"D165*I165","v":132000}]
[null,"Installation","No.",100]
[]
[{"$f":"A164+1","v":26},"Fixing solid state, no touch operting, fully hygienic hand drier of approved shade with single blower, with time delay, summer & winter control, music while drying, volume ON/OFF controls including providing necessary brackets, cable from drier to Plug, Plug top key and lock etc, complete as required.  (Make:- Euronics- EH 05)",{"$nulls":4},"Euronics- EH 05"]
[null,"Supply","No.",{"$f":"D170","v":10},3500,{"$f":"D169*E169","v":35000},null,null,3500,{"$f":"D169*I169","v":35000}]
[null,"Installation","No.",10]
[]
[{"$f":"A168+1","v":27},"Fixing storage type water cooler of the following capacity, I.S.I marked, stainless steel front panel, CP brass push cock, inlet float valve with all plumbing and electrical accessories, inlet, outlet, overflow and PVC drain out connection to FD complete as required. (Make:- Blue Star- SDLX480)",{"$nulls":4},"Blue Star- SDLX480"]
[null,"Supply"]
[null,"Installation"]
[]
[{"$f":"A172+0.1","v":27.1},"Cooling capacity 40 Lts./hr "]
[null,"Storage capacity 80 Lts."]
[null,"Supply","No.",{"$f":"D179","v":3},12000,{"$f":"D178*E178","v":36000},null,null,12000,{"$f":"D178*I178","v":36000}]
[null,"Installation","No.",3]
[]
[{"$f":"A172+1","v":28},"Providing and fixing of Grab Bar (Straight Nylon Grab Bar (600mm long) with all accessories complete as required. (Make:- Euronic-NGR 01), Only for patient toilets",{"$nulls":4},"Euronics - NGR 01 Straight Nylon Grab Bar (600mm long)"]
[null,"Supply","No.",{"$f":"D183","v":36},2635,{"$f":"D182*E182","v":94860},null,null,2635,{"$f":"D182*I182","v":94860}]
[null,"Installation","No.",36]
[]
[{"$f":"A181+1","v":29},"Providing and fixing of Grab Bar (L-shape Nylon Grab Bar) with all accessories complete as required. (Make:- Euronic-NGR 04), Only for patient toilets",{"$nulls":4},"Euronic-NGR 04L-shape Nylon Grab Bar"]
[null,"Supply","No.",{"$f":"D187","v":30},7800,{"$f":"D186*E186","v":234000},null,null,7800,{"$f":"D186*I186","v":234000}]
[null,"Installation","No.",30]
[]
[{"$f":"A185+1","v":30},"Providing and fixing of Grab Bar (Swing Nylon Grab Bar) with all accessories complete as required. (Make:- Euronic-NGR SO2), Only for patient toilets",{"$nulls":4},"Euronic-NGR SO2 Swing Nylon Grab Bar"]
[null,"Supply","No.",{"$f":"D191","v":9},10900,{"$f":"D190*E190","v":98100},null,null,10900,{"$f":"D190*I190","v":98100}]
[null,"Installation","No.",9]
[]
[null,"TOTAL CARRIED TO SUMMARY"]
["B.","COLD, HOT, HOT WATER RETURN, FLUSHING AND RO WATER SUPPLY (INTERNAL)"]
[]
[1,"Providing and fixing CPVC (Chlorinated Poly Vinyl Chloride) water supply pipes with pipe as per CTS SDR - 11 as per IS 15778, at a working pressure of 27.6 Kg/Sqcm. at 27 deg C & 6.8 Kg/Sqcm. at 82 deg C and 65mm above consider CPVC SCH 40 pipes with pipe as per ASTM F 441, using solvent welded CPVC fittings i.e Tees, Elbows, Couplers, Unions, Reducers, brushings etc. including transition fittings cconnection between CPVC & metal pipe / GI) i.e Brass Adaptors (both Male & Female threaded) conforming to ASTM D-2846 (upto 50mm dia.) /ASTM F-438 (65mm & above dia. pipe) with only CPVC solvent cement conforming to ASTM F-493 with fabricated & subsequently hot dip galvanized clamps / structural steel supports as required / directed at site including cutting chasing and fixing the same with cement concrete / cement mortar as required, including painting the exposed pipes with one coat of desired shade of enamel paint. All termination points for installation of faucets shall have brass termination fittings. Installation shall be to the satisfaction of PMC / Consultant / manufacturer of pipes & fittings. ",{"$nulls":4},"Astral, Supreme",{"$nulls":3},"7% increase in Material Price"]
[]
[1.1,"15 mm dia","RM",1675,180,{"$f":"D198*E198","v":301500},null,null,{"$f":"E198/0.95","v":{"v":189.47368421052633,"d":"189.47"}},{"$f":"D198*I198","v":{"v":317368.4210526316,"d":"317368.42"}}]
[1.2,"20 mm dia","RM",765,240,{"$f":"D199*E199","v":183600},null,null,{"v":252.63157894736844,"d":"252.63"},{"$f":"D199*I199","v":{"v":193263.15789473685,"d":"193263.16"}}]
[1.3,"25 mm dia","RM",480,290,139200,null,null,{"v":305.2631578947369,"d":"305.26"},{"v":146526.3157894737,"d":"146526.32"}]
[1.4,"32 mm dia","RM",665,425,282625,null,null,{"v":447.3684210526316,"d":"447.37"},{"v":297500,"d":"297500.00"}]
[1.5,"40 mm dia","RM",575,550,316250,null,null,{"v":578.9473684210527,"d":"578.95"},{"v":332894.73684210534,"d":"332894.74"}]
[1.6,"50 mm dia","RM",305,850,259250,null,null,{"v":894.7368421052632,"d":"894.74"},{"v":272894.7368421053,"d":"272894.74"}]
[1.7,"65 mm dia","RM",495,1750,866250,null,null,{"v":1842.1052631578948,"d":"1842.11"},{"v":911842.105263158,"d":"911842.11"}]
[1.8,"80 mm dia","RM",420,2200,924000,null,null,{"v":2315.789473684211,"d":"2315.79"},{"v":972631.5789473685,"d":"972631.58"}]
[1.9,"100 mm dia","RM",185,3000,555000,null,null,{"v":3157.8947368421054,"d":"3157.89"},{"v":584210.5263157896,"d":"584210.53"}]
[{"v":1.1,"d":"1.10"},"150 mm dia","RM","QR",9400,{"$nulls":3},{"v":9894.736842105263,"d":"9894.74"}]
[]
[2,"Providing & fixing full way lever operated forged brass ball valve of brass body with forged brass hard chrome-plated steel ball tested to a pressure not less than 15 Kg / sq.cm with threaded / flanged joints complete with nuts, bolts, gaskets, washers etc.",{"$nulls":4},"Zoloto, Sant",{"$nulls":3},"upto 40% increase in prices"]
[]
[2.1,"15 mm dia","No.",12,420,{"$f":"D211*E211","v":5040},null,null,{"$f":"E211/0.7","v":{"v":600,"d":"600.00"}},{"$f":"D211*I211","v":{"v":7200,"d":"7200.00"}}]
[2.2,"20 mm dia","No.",95,455,43225,null,null,{"v":650,"d":"650.00"},{"v":61750,"d":"61750.00"}]
[2.3,"25 mm dia","No.",30,720,21600,null,null,{"v":1028.5714285714287,"d":"1028.57"},{"v":30857.14285714286,"d":"30857.14"}]
[2.4,"32 mm dia","No.",75,1210,90750,null,null,{"v":1728.5714285714287,"d":"1728.57"},{"v":129642.85714285714,"d":"129642.86"}]
[2.5,"40 mm dia","No.",22,1770,38940,null,null,{"v":2528.571428571429,"d":"2528.57"},{"v":55628.571428571435,"d":"55628.57"}]
[2.6,"50 mm dia","No.",20,2530,50600,null,null,{"v":3614.2857142857147,"d":"3614.29"},{"v":72285.71428571429,"d":"72285.71"}]
[]
[3,"Providing and fixing nitrle rubber insulation on hot water supply / return pipes.",{"$nulls":4},"Supreme, Armacel/Armaflex",{"$nulls":3},"10-15% increase in prices"]
[]
[3.1,"15 mm dia (9 mm thickness)","RM",{"$f":"190+635","v":825},81,{"$f":"D220*E220","v":66825},null,null,{"$f":"E220/0.93","v":{"v":87.09677419354838,"d":"87.10"}},{"$f":"D220*I220","v":{"v":71854.83870967742,"d":"71854.84"}}]
[3.2,"20 mm dia (9 mm thickness)","RM",{"$f":"90+270","v":360},108,38880,null,null,{"v":116.12903225806451,"d":"116.13"},{"v":41806.45161290323,"d":"41806.45"}]
[3.3,"25 mm dia (13 mm thickness)","RM",{"$f":"25+175","v":200},135,27000,null,null,{"v":145.16129032258064,"d":"145.16"},{"v":29032.25806451613,"d":"29032.26"}]
[3.4,"32 mm dia (13 mm thickness)","RM",190,450,85500,null,null,{"v":483.87096774193543,"d":"483.87"},{"v":91935.48387096773,"d":"91935.48"}]
[3.5,"40 mm dia (13 mm thickness)","RM",180,515,92700,null,null,{"v":553.763440860215,"d":"553.76"},{"v":99677.41935483871,"d":"99677.42"}]
[3.6,"50 mm dia (19 mm thickness)","RM",70,600,42000,null,null,{"v":645.1612903225806,"d":"645.16"},{"v":45161.290322580644,"d":"45161.29"}]
[3.7,"65 mm dia (19 mm thickness)","RM",40,710,28400,null,null,{"v":763.4408602150537,"d":"763.44"},{"v":30537.63440860215,"d":"30537.63"}]
[3.8,"80 mm dia (19 mm thickness)","RM",15,850,12750,null,null,{"v":913.9784946236558,"d":"913.98"},{"v":13709.677419354837,"d":"13709.68"}]
[]
[4,"Providing and fixing proprietary fire proof outer mechanical protection with aluminium cladding ON nitrile rubber insulation as per manufacturers specification and approved by Project Manager / Consultants.",{"$nulls":4},"Supreme, Armacel/Armaflex",{"$nulls":3},"10-15% increase in prices"]
[]
[4.1,"15 mm dia (9 mm thickness)","RM",{"$f":"190+635","v":825},270.9,{"$f":"D231*E231","v":223492.49999999997},null,null,{"$f":"E231/0.93","v":{"v":291.2903225806451,"d":"291.29"}},{"$f":"D231*I231","v":{"v":240314.5161290322,"d":"240314.52"}}]
[4.2,"20 mm dia (9 mm thickness)","RM",{"$f":"90+270","v":360},307.29999999999995,110627.99999999999,null,null,{"v":330.43010752688167,"d":"330.43"},{"v":118954.8387096774,"d":"118954.84"}]
[4.3,"25 mm dia (13 mm thickness)","RM",{"$f":"25+175","v":200},352.09999999999997,70420,null,null,{"v":378.6021505376344,"d":"378.60"},{"v":75720.43010752687,"d":"75720.43"}]
[4.4,"32 mm dia (13 mm thickness)","RM",190,392,74480,null,null,{"v":421.505376344086,"d":"421.51"},{"v":80086.02150537634,"d":"80086.02"}]
[4.5,"40 mm dia (13 mm thickness)","RM",180,461.99999999999994,83159.99999999999,null,null,{"v":496.774193548387,"d":"496.77"},{"v":89419.35483870967,"d":"89419.35"}]
[4.6,"50 mm dia (19 mm thickness)","RM",70,519.4,36358,null,null,{"v":558.4946236559139,"d":"558.49"},{"v":39094.62365591397,"d":"39094.62"}]
[4.7,"65 mm dia (19 mm thickness)","RM",40,616,24640,null,null,{"v":662.3655913978495,"d":"662.37"},{"v":26494.62365591398,"d":"26494.62"}]
[4.8,"80 mm dia (19 mm thickness)","RM",15,735,11025,null,null,{"v":790.3225806451612,"d":"790.32"},{"v":11854.838709677419,"d":"11854.84"}]
[]
[5,"Providing & fixing CI Butterfly valve (upto 150mm dia with hand lever operation & above with gear box operation). Operating pressure not less than 16 Kg/Sq.cm (PN 16). Including rubber gasket, flanges, nuts, bolts, washers & painting complete as required.",{"$nulls":4},"Zoloto, Sant",{"$nulls":3},"upto 40% increase in prices"]
[]
[5.1,"65 mm dia","No.",4,2210,{"$f":"D242*E242","v":8840},null,null,{"$f":"E242/0.75","v":{"v":2946.6666666666665,"d":"2946.67"}},{"$f":"D242*I242","v":{"v":11786.666666666666,"d":"11786.67"}}]
[5.2,"80 mm dia","No.",6,2410,14460,null,null,{"$f":"E243/0.75","v":{"v":3213.3333333333335,"d":"3213.33"}},{"v":19280,"d":"19280.00"}]
[5.3,"100 mm dia","No.",3,2850,8550,null,null,{"$f":"E244/0.75","v":{"v":3800,"d":"3800.00"}},{"v":11400,"d":"11400.00"}]
[5.4,"150 mm dia","No.","QR",9400,{"$nulls":3},{"$f":"E245/0.75","v":{"v":12533.333333333334,"d":"12533.33"}}]
[]
[6,"Providing & fixing gun metal horizontal flap type non  return valve conforming to IS:778 and tested to a pressure not less than 15 Kg/Sq.cm., Including rubber gasket, flanges, union,  nuts, bolts & washers complete as required.",{"$nulls":4},"Zoloto, Sant",{"$nulls":3},"upto 40% increase in prices"]
[]
[{"$f":"A247+0.1","v":6.1},"20 mm dia","No.",40,580,{"$f":"D249*E249","v":23200},null,null,{"$f":"E249/0.75","v":{"v":773.3333333333334,"d":"773.33"}},{"$f":"D249*I249","v":{"v":30933.333333333336,"d":"30933.33"}}]
[6.2,"25 mm dia","No.",5,820,4100,null,null,{"$f":"E250/0.75","v":{"v":1093.3333333333333,"d":"1093.33"}},{"v":5466.666666666666,"d":"5466.67"}]
[{"$f":"A250+0.1","v":6.3},"32 mm dia","No.",8,940,7520,null,null,{"$f":"E251/0.75","v":{"v":1253.3333333333333,"d":"1253.33"}},{"v":10026.666666666666,"d":"10026.67"}]
[{"$f":"A251+0.1","v":6.3999999999999995},"40 mm dia","No.",3,1140,3420,null,null,{"$f":"E252/0.75","v":{"v":1520,"d":"1520.00"}},{"v":4560,"d":"4560.00"}]
[{"$f":"A252+0.1","v":6.499999999999999},"50 mm dia","No.",3,1800,5400,null,null,{"$f":"E253/0.75","v":{"v":2400,"d":"2400.00"}},{"v":7200,"d":"7200.00"}]
[null," "]
[7,"Providing & fixing Auto Air vent for cold water supply risers, suitable for pressure not less than 15 Kg/Sq.cm.",{"$nulls":4},"Zoloto, Sant"]
[]
[{"$f":"A255+0.1","v":7.1},"15 mm dia","No.",10,2800,{"$f":"D257*E257","v":28000},null,null,2800,{"$f":"D257*I257","v":{"v":28000,"d":"28000.00"}}]
[7.2,"20 mm dia","No.","QR",3710,{"$nulls":3},3710]
[]
[8,"Providing & fixing CI  wafer type dual plate check valve tested to a pressure not less than 15 Kg/sqcm, including rubber gasket,  flanges, union, nuts, bolts, washers & painting  complete as required.",{"$nulls":4},"Zoloto, Sant",{"$nulls":3},"upto 40% increase in prices"]
[]
[8.1,"65 mm dia","No.",2,2200,{"$f":"D262*E262","v":4400},null,null,{"$f":"E262/0.75","v":{"v":2933.3333333333335,"d":"2933.33"}},{"$f":"D262*I262","v":{"v":5866.666666666667,"d":"5866.67"}}]
[8.2,"80 mm dia","No.",2,3100,6200,null,null,{"$f":"E263/0.75","v":{"v":4133.333333333333,"d":"4133.33"}},{"v":8266.666666666666,"d":"8266.67"}]
[8.3,"100 mm dia","No.",2,4900,9800,null,null,{"$f":"E264/0.75","v":{"v":6533.333333333333,"d":"6533.33"}},{"v":13066.666666666666,"d":"13066.67"}]
[]
[9,"Supplying and fixing in position of approved quality high pressure rated Gun Metal Float Valve  with copper ball float and brass rods of required length suitable for test pressure of not less than 10 Kg/sqcm of the following sizes",{"$nulls":4},"Zoloto, Sant",{"$nulls":3},"upto 40% increase in prices"]
[]
[9.1,"32 mm dia","No.",1,1090,{"$f":"D268*E268","v":1090},null,null,{"$f":"E268/0.75","v":{"v":1453.3333333333333,"d":"1453.33"}},{"$f":"D268*I268","v":{"v":1453.3333333333333,"d":"1453.33"}}]
[9.2,"25 mm dia","No.",1,640,640,null,null,{"$f":"E269/0.75","v":{"v":853.3333333333334,"d":"853.33"}},{"v":853.3333333333334,"d":"853.33"}]
[]
[10,"Supplying, fixing, testing and commissioning  water meter with direct reading dial in KL with all integral parts of gun metal or brass with necessary fitting such as threaded pieces, unions pressure gauge and isolation cock, flanges piece for future removal, flanges/unions complete with all necessary testing  charges and obtaining test certificates from municipal authorities, on following size pipe lines (1 no. strainer & 2 No. pressure gauges shall be provided  at inlet & outlet and cost shall be inclusive for the same).",{"$nulls":4},"Kranti or eq."]
[]
[10.1,"100 mm dia","No.",1,5260,{"$f":"D273*E273","v":5260},null,null,5260,{"$f":"D273*I273","v":{"v":5260,"d":"5260.00"}}]
[]
[11,"Constructing  brick masonary chamber (for housing valves, Meters etc.) of brick work with bricks of class 75 with cement mortar 1:5 (1 cement:5 fine sand) plastering internal face with cement mortar 1:3 (1 cement: 3 fine sand and rough plaster on outer  face  with a floating coat of neat cement. R.C.C top slab with medium duty CI manhole cover and frame of 600 mm dia. The weight of cover to be not less than 58 kg & frame not be less than 58 kg as per standard design. Including excavation, dewatering, refilling, watering, ramming and removing the surplus  excavated material complete as required. (All  sizes are clear internal sizes).",{"$nulls":4},"Locally Constructed"]
[]
[11.1,"Size 900 x 800 x 1200 mm deep","No.",2,12600,{"$f":"D277*E277","v":25200},null,null,12600,{"$f":"D277*I277","v":{"v":25200,"d":"25200.00"}}]
[]
[null,"TOTAL CARRIED TO SUMMARY"]
["C.","DRAINAGE (SOIL, WASTE, VENT & RAIN WATER)"]
[]
[1,"Providing, jointing and fixing UPVC Soil, Waste & Vent system conforming to IS : 13592 - Type B and UPVC fittings (moulded as well as fabricated) like bends, tees, Y-tees, crosses, boss connections, access pieces, saddle pieces, cleanouts, adaptors for connections to other materials, plugs, reducers, cowls, offsets and other specials. Jointing shall be done with pushfit EPDM ring jointing technique in general. Solvent cement joints may be provided for fittings and specials which are not manufactured with pushfit rubber joints. Pipes may be laid / fixed in sunken floors, under slung from ceiling. The pipes laid in sunken floor shall be encased with 75 mm thick cement concrete (1:2:4) all around. The installation shall be complete in all respects including cutting chases / holes in walls, slabs and making good the same as per specifications.",{"$nulls":4},"Astral, Supreme",{"$nulls":3},"40% increase in prices"]
[]
[1.1,"75 mm dia","RM",320,337,{"$f":"D284*E284","v":107840},null,null,{"$f":"E284/0.75","v":{"v":449.3333333333333,"d":"449.33"}},{"$f":"D284*I284","v":{"v":143786.66666666666,"d":"143786.67"}}]
[1.2,"110 mm dia","RM",1510,490,739900,null,null,{"$f":"E285/0.75","v":{"v":653.3333333333334,"d":"653.33"}},{"v":986533.3333333334,"d":"986533.33"}]
[1.3,"160 mm dia","RM",125,940,117500,null,null,{"$f":"E286/0.75","v":{"v":1253.3333333333333,"d":"1253.33"}},{"v":156666.66666666666,"d":"156666.67"}]
[]
[2,"Providing, fixing, jointing, testing and commissioning PVC (Class III) of pressure rating 6.0 kg/sqcm Rain water downtake pipe conforming to IS:4985 cut to required lengths including all necessary fittings and specials. Fixing at wall/ceiling level supported by galvanized steel clamps & hangers etc. as required for proper seismic loading as per the calculations. Making proper connection with cement solvent joint as per BIS / manufacturer. Cutting chases/holes in floors / walls / slab. All Down take RWP pipe only).",{"$nulls":4},"Astral, Supreme",{"$nulls":3},"40% increase in prices"]
[]
[2.1,"75 mm dia","RM",25,295,{"$f":"D290*E290","v":7375},null,null,{"$f":"E290/0.75","v":{"v":393.3333333333333,"d":"393.33"}},{"$f":"D290*I290","v":{"v":9833.333333333332,"d":"9833.33"}}]
[2.2,"110 mm dia","RM","QR",465,{"$nulls":3},{"$f":"E291/0.75","v":{"v":620,"d":"620.00"}}]
[2.3,"160 mm dia","RM",295,850,{"$f":"D292*E292","v":250750},null,null,{"$f":"E292/0.75","v":{"v":1133.3333333333333,"d":"1133.33"}},{"v":334333.3333333333,"d":"334333.33"}]
[]
[3,"Providing, fixing, jointing and testing of UPVC Floor Traps formed out of bore 'P' trap with 50 mm water seal, setting in 1:2:4 mix cement concrete block or clamping to the wall or suspending with the ceiling including cutting and making good the walls and floors wherever required.",{"$nulls":4},"Astral, Supreme",{"$nulls":3},"40% increase in prices"]
[]
[3.1,"110 mm inlet and 110 mm outlet.","No.",190,500,{"$f":"D296*E296","v":95000},null,null,{"$f":"E296/0.75","v":{"v":666.6666666666666,"d":"666.67"}},{"$f":"D296*I296","v":{"v":126666.66666666666,"d":"126666.67"}}]
[]
[4,"Providing & fixing 110mm x 63 mm UPVC waste with reducing elbow & nipple cutting chases, the floor / slab, repairs complete as required and connection to UPVC waste pipe.","No.",40,800,32000,"Astral, Supreme",null,{"$f":"E298/0.75","v":{"v":1066.6666666666667,"d":"1066.67"}},{"$f":"D298*I298","v":{"v":42666.66666666667,"d":"42666.67"}},"40% increase in prices"]
[]
[5,"Providing and fixing EXTENTION PIECE for floor trap,  formed out of 110 mm PVC pipe with multiple side inlets formed with saddle pieces, suitable for 32, 40, 50 and 63 mm dia side connections as per standard detail and  support through galvanized steel support from slab or set in cement concrete mix 1:2:4 complete as required. ","No.",{"$f":"D296","v":190},510,96900,"Astral, Supreme",null,{"$f":"E300/0.75","v":{"v":680,"d":"680.00"}},{"$f":"D300*I300","v":{"v":129200,"d":"129200.00"}},"40% increase in prices"]
[]
[6,"Providing and fixing Heavy class CP grating with Cockroach proof SS strainer of approved design including setting in floor with cement motor to match with floor finish as per architect requirement suitable for waster and FT.",{"$nulls":4},"Chilly"]
[]
[6.1,"Size 127 mm x 127 mm","No.",{"$f":"D298+D296","v":230},900,{"$f":"D304*E304","v":207000},null,null,900,{"$f":"D304*I304","v":{"v":207000,"d":"207000.00"}}]
[]
[7,"Providing, fixing, jointing and testing UPVC soil, waste, vent pipework comprising UPVC pipe conforming to IS: 4985-1983 and of required class as specified below and fittings (moulded as well as fabricated) like elbows, bends, reducers, threaded tail pieces, caps, suitable elbow with suitable extension piece for drain point and other specials jointing with cement solvent, chasing, cutting and making good the walls & floors pipes laid in floors shall be encased with 40 mm thick concrete all around, complete in all respects including testing of complete installation.",{"$nulls":4},"Astral, Supreme",{"$nulls":3},"40% increase in prices"]
[]
[7.1,"40 mm dia   6 kg/cm2 (Class III )","RM",260,185,{"$f":"D308*E308","v":48100},null,null,{"$f":"E308/0.75","v":{"v":246.66666666666666,"d":"246.67"}},{"$f":"D308*I308","v":{"v":64133.33333333333,"d":"64133.33"}}]
[7.2,"50 mm dia   6 kg/cm2 (Class III )","RM",150,220,33000,null,null,{"$f":"E309/0.75","v":{"v":293.3333333333333,"d":"293.33"}},{"v":44000,"d":"44000.00"}]
[7.3,"63 mm dia   6 kg/cm2 (Class III )","RM",75,310,23250,null,null,{"$f":"E310/0.75","v":{"v":413.3333333333333,"d":"413.33"}},{"v":31000,"d":"31000.00"}]
[]
[8,"Providing and fixing cleaning eye on horizontal soil & waste pipes, with opening arrangements for soil / waste pipe and other necessary fittings inlcuding jointing, to the satisfaction of the Project Manager / Consultants.",{"$nulls":4},"Supreme, Jayna",{"$nulls":3},"40% increase in prices"]
[]
[8.1,"For 110 mm dia pipe","No.",105,650,{"$f":"D314*E314","v":68250},null,null,{"$f":"E314/0.75","v":{"v":866.6666666666666,"d":"866.67"}},{"$f":"D314*I314","v":{"v":91000,"d":"91000.00"}}]
[8.2,"For 160 mm dia pipe","No.",20,800,16000,null,null,{"$f":"E315/0.75","v":{"v":1066.6666666666667,"d":"1066.67"}},{"v":21333.333333333336,"d":"21333.33"}]
[]
[9,"Providing and fixing Brass clean out plug comprising of socket caulked to pipe and cast brass plug with suitable inlet key for opening male threaded joint.",{"$nulls":4},"Supreme, Jayna",{"$nulls":3},"40% increase in prices"]
[]
[9.1,"For 110 mm dia pipe","No.",32,1797,{"$f":"D319*E319","v":57504},null,null,{"$f":"E319/0.75","v":{"v":2396,"d":"2396.00"}},{"$f":"D319*I319","v":{"v":76672,"d":"76672.00"}}]
[9.2,"For 160 mm dia pipe","No.","QR",4000,{"$nulls":3},{"$f":"E320/0.75","v":{"v":5333.333333333333,"d":"5333.33"}}]
[]
[10,"Providing & fixing rain water `Khurras' size 450x450 mm required depth with lead flashing around the pipe with one piece lead sheet of 3 mm thick set on a layer of cold bitumen. Including Heavy duty CI/MS grating as per drawing complete as required.","No.",6,2500,15000,"Locally constructed",null,2500,{"v":15000,"d":"15000.00"}]
[]
[11,"Providing and fixing uPVC gully trap of the following sizes in brick masonary chamber of standard design with first class bricks and trap to be set in cement concrete 1:2:4, both side 12mm thick plastering with floating coat of neat cement. Making necessary connections & providing water tight D.I. cover with frame of 300mm x 300mm internal size. The weight of cover & frame not be less than 8 kg as per standard design. Including necessary excavation, dewatering, refilling, watering, ramming and removing the surplus excavated material and making good the same complete as required.",{"$nulls":8},"40% increase in prices"]
[]
[11.1,"300 x 300mm chamber with 110 x 110mm size `P' trap","No.",6,3000,{"$f":"D326*E326","v":18000},"Locally constructed",null,{"$f":"E326/0.75","v":{"v":4000,"d":"4000.00"}},{"$f":"D326*I326","v":{"v":24000,"d":"24000.00"}}]
[]
[12,"Construction of road gully chamber with SFRC grating (heavy duty HD-20 grade designation) of the following sizes in brick work with bricks of class 75 in cement mortar 1:4 (1 cement : 4 find sand) necessary foundation concrete (1:4:8). Inside & outside plastering 12 mm thick with cement mortar 1: 3 with a floating a coat of neat cement. Including the RCC top slab for fixing the grating including necessary excavation, dewatering, refilling, watering, ramming, removing, the surplus excavated material and making good the same complete as required. "]
[]
[12.1,"Internal size 500 x 450 x 450 mm average depth ","No.",16,5000,{"$f":"D330*E330","v":80000},"Locally constructed",null,5000,{"$f":"D330*I330","v":{"v":80000,"d":"80000.00"}}]
[]
[13,"Designing and constructing brick masonry manhole chamber of the following size in brick work of class 75 in cement mortar 1:4 (1cement:4 fine sand), R.C.C. top slab with 1:2:4 mix (1cement : 2 coarse sand :4 graded stone aggregate 20mm. nominal size) RCC foundation slab 1:2:4 mix (1 cement : 2 coarse sand:4 graded stone aggregate 40 mm nominal size) both inside and outside cement plastering 12 mm thick with cement motar 1:3 (1cement :3 coarse sand) finished with a floating coat of neat cement on inside face, proper water proofing to ensure no ground water seepage in the manhole, PVC foot rests at 300 mm spacing, benching and making channels in 1:2:4 cement concrete neatly finished, including necessary centering and shuttering, reinforcement, excavation, in all kind of soil, dewatering, refilling, watering, ramming and removing the surplus excavated earth, making good the same complete as required. Contractor shall submit the structural design and drawings for the approval of Project Manager prior to execution including SFRC Cover and frame (heavy duty HD-20 grade designation)"]
[null,"560 mm internal diameter conforming to IS 12592, total weight of cover and frame to be not less than 182 Kgs fixed in cement concrete 1:2:4 (1 cement, 2 coarse sand : 4 graded stone aggregate 20 mm nominal size)"]
[]
[13.1,"For Manhole size 900 x 800 mm","No.",12,14500,{"$f":"D335*E335","v":174000},"Locally constructed",null,14500,{"$f":"D335*I335","v":{"v":174000,"d":"174000.00"}}]
[]
[null,"TOTAL CARRIED TO SUMMARY"]
["D.","MISCELLANEOUS ITEMS"]
[]
[1,"Providing and fixing 25mm thick C.I. heavy duty grating fixed with C.I. angle iron frame of following  sizes:",{"$nulls":4},"Jayna or eq.",{"$nulls":3},"20% increase in prices"]
[]
[1.1,"300 mm wide x 600 mm long","No.",20,3800,{"$f":"D342*E342","v":76000},null,null,{"$f":"E342*1.2","v":4560},{"$f":"D342*I342","v":{"v":91200,"d":"91200.00"}}]
[]
[2,"Providing and fixing M.S. puddle flanges fabricated of  750 mm long pipe pieces to  R.C.C. water tanks wall / slab. The entire fitting shall be hot dipped galvanised (Flanges shall confirm to BS10 Table E) . ",{"$nulls":8},"20% increase in prices"]
[]
[2.1,"25 mm dia (Screwed ends MS plate 6 mm thick; 100 mm x 100 mm plus dia of pipe).","No.",6,952,{"$f":"D346*E346","v":5712},null,null,{"$f":"E346/0.8","v":1190},{"$f":"D346*I346","v":{"v":7140,"d":"7140.00"}}]
[2.2,"40 mm dia (Screwed ends MS plate 6 mm thick; 100 mm x 100 mm plus dia of pipe).","No.",3,1036,3108,null,null,{"$f":"E347/0.8","v":1295},{"v":3885,"d":"3885.00"}]
[2.3,"50 mm dia (Screwed ends MS plate 6 mm thick; 100 mm x 100 mm plus dia of pipe).","No.",3,1148,3444,null,null,1435,{"v":4305,"d":"4305.00"}]
[2.4,"65 mm dia (Flanged ends MS plate 6 mm thick; 100 mm x 100 mm plus dia of pipe).","No.",3,1276,3828,null,null,1595,{"v":4785,"d":"4785.00"}]
[2.5,"80 mm dia (Flanged ends MS plate 6 mm thick; 100 mm x 100 mm plus dia of pipe).","No.",1,1316,1316,null,null,1645,{"v":1645,"d":"1645.00"}]
[2.6,"100 mm dia (Flanged ends MS plate 6 mm thick; 250 mm x 20 mm plus dia of pipe).","No.",1,1410,1410,null,null,1762.5,{"v":1762.5,"d":"1762.50"}]
[2.7,"150 mm dia (Flanged ends MS plate 6 mm thick; 250 mm x 20 mm plus dia of pipe).","No.",1,1708,1708,null,null,2135,{"v":2135,"d":"2135.00"}]
[]
[null,"Since the RCC retaining wall work of the plant room is completely done at site, contractor shall ensure that the quoted rates are inclusive of providing and installing puddle flange in existing retaining wall as required including water proofing and making good."]
[]
[3,"Providing and fixing electronic type level indicator for water tanks mounting in panel with the following features, level display, alarm when water level is low or high, full range from one level to four level display and manual reset for Alarm etc. with electrical wiring conduit supports from wall & ceiling probes and all other accessories complete as required.","No.",2,3500,{"$f":"D356*E356","v":7000},"Kranti or eq.",null,3500,{"$f":"D356*I356","v":{"v":7000,"d":"7000.00"}}]
[]
[4,"Providing and fixing in position GI vent with brass mosquito proof  coupling and air filter including return bend, complete as required. The entire fitting shall be hot dip galvanised.",{"$nulls":4},"Jindal"]
[]
[4.1,"50 mm dia","No.",3,2000,{"$f":"D360*E360","v":6000},null,null,2000,{"$f":"D360*I360","v":{"v":6000,"d":"6000.00"}}]
[]
[5,"Providing and fixing M.S. structural work fabricated from structural steel sections M.S. rounds, angles,  channels, tees, square bars, plates including cutting to size, drilling, welding fixing and welding to insert  plates in RCC structural works, as directed by Architects. M.S. ladders and tank covers & frame etc. cutting and making good the wall and floor where ever required including two coats of synthetic enamel paint/epoxy paint over a coat of primer.","Kg.",1000,100,100000,"Tata, Jindal",null,{"$f":"E362/0.9","v":{"v":111.11111111111111,"d":"111.11"}},{"v":111111.11111111111,"d":"111111.11"},"20% increase in prices"]
[]
[6,"Providing & complete testing kit with all chemicals complete suitable for conducting test on water quality.  The test kit shall be suitable to measure TDS, pH, Hardness, Iron content and other parameters (Make : Ion Exchange)","No.",1,5001,5001,null,null,5001,{"v":5001,"d":"5001.00"}]
[]
[7,"Providing and fixing 22 gauge GI tray (drip tray) of standard design with necessary fabrication, hanger and support under the horizontal suspended soil / waste header. Tray shall be installed in slop with drain connection at end.  The installation shall be to the satisfaction / approval of Project Manager","Sq.M",5,12000,60000,"Jindal",null,{"$f":"E366/0.9","v":{"v":13333.333333333332,"d":"13333.33"}},{"v":66666.66666666666,"d":"66666.67"},"20% increase in prices"]
[]
[null,"TOTAL CARRIED TO SUMMARY"]
["E.","RO SYSTEM,  PUMPS & EQUIPMENT"]
[]
[]
[1,"Supply, installation, testing and commissioning of package type RO plant complete with pre-treatment system comprising of feed water pumps, filters, dosing systems, RO membrances, RO high pressure pumps, post treatment system comprising of dosing system; pH correction system etc complete. The unit shall have all interlocking for safe operation of plant. The unit shall have skid mounted electrical panel complete with required starters and shally also have all Annuanciation and Controls. Indication instrumentation such as TDS meter at inlet/outlet, pH indicator, flow meter & totalizer shall also be provided. The piping shall be heavy duty PVC, SS 304 (Non-Magnetic). The filter shall be FRP and pumps shall be of SS construction. The basis of design shall be for feed water inlet TDS of 1200 PPM. Contractor is suggested to cary out the feed water chemical analysis and ensure suitability of RO plant operation.",{"$nulls":4},"Osmotech"]
[null,"Permeate Flow rate : 500 LPH","Set",0,707000,{"$f":"D373*E373","v":0}]
[]
[2,"Supply, installation, testing & commissioning of SS 316 RO water storage tank of Capacity 1000 Lts suitable for atmospheric pressure.  Tank shall be provided with flow meter at inlet & outlet (approved by department of weights and measures), inlet / outlet, overflow / drain connection with MH cover (550 mm I.D.) pressure gauge at inlet / outlet with isolation cock.  All the valves & accessories shall be suitable for an operating pressure as mentioned above. Tank shall be mounted on 450 mm high steel structural supports with access ladder painted with 2 coats of red oxide paint.","Set",0,356000,0,"Osmotech"]
[]
[null,"TOTAL CARRIED TO SUMMARY",{"$nulls":3},{"$f":"SUM(F50:F376)","v":11499999.5},{"$nulls":3},{"$f":"SUM(J50:J376)","v":12527166.776848031}]

{"sheet":"FIRE","index":5,"n_rows":208,"n_cols":11,"rows_kept":208,"hidden":true,"merged":[[0,0,0,3],[1,0,1,3],[2,0,2,1],[3,1,3,3],[4,1,4,3],[5,1,5,3],[6,1,6,3],[7,1,7,3],[8,1,8,3],[10,1,10,3],[12,1,12,3],[14,1,14,3],[16,1,16,3],[18,1,18,3],[20,1,20,3],[22,1,22,3],[23,1,23,3],[24,1,24,3],[25,1,25,3],[26,1,26,3],[27,1,27,3],[28,1,28,3],[29,1,29,3],[30,1,30,3],[32,1,32,3],[34,1,34,3],[36,1,36,3],[38,1,38,3],[39,1,39,3],[40,1,40,3],[42,1,42,3],[44,1,44,3],[46,1,46,3],[47,8,47,10],[49,8,50,9]]}
["SCHEDULE OF QUANTITIES"]
[]
["PREAMBLE"]
[]
[1,"All items of work under this Contract shall be executed strictly to fulfill the requirements laid down under “Basis of Design” in the specifications. Type of equipment, material specification, methods of installation and testing and type of control shall be in accordance with the specifications, approved shop drawings and the relevant Indian Standards, however capacity of each component and their quantities shall be such as to fulfill the above mentioned requirement."]
[]
[2,"The unit rate for all equipment or materials shall include cost in INDIAN RUPEES (INR) for equipment and materials including all taxes and duties and also including forwarding, freight, insurance and transport into Contractor’s store at site, storage, installation, testing, balancing, commissioning and other works required."]
[]
[3,"The rate for each item of work included in the Schedule of Quantities shall, unless expressly stated otherwise, include cost of:"]
[]
[null,"a. All materials, fixing materials, accessories, appliances tools, plants, equipment, transport, labour and incidentals required in preparation for and in the full and entire execution, testing, balancing, commissioning and completion of work called for in the item and as per Specifications and Drawings."]
[]
[null,"b. Wastage on materials and labour."]
[]
[null,"c. Loading, transporting, unloading, handling/double handling, hoisting to all levels, setting, fitting and fixing in position, protecting, disposal of debris and all other labour necessary in and for the full and entire execution and for the job in accordance with the contract documents, good practice and recognized principles."]
[]
[null,"d. Liabilities, obligations and risks arising out of Conditions of Contract."]
[]
[null,"e. All requirements of Specifications, whether such requirements are mentioned in the item or not. The Specifications and Drawings where available, are to be read as complimentary to and part of the Bill of Quantities and any work called for in one shall be taken as required for all."]
[]
[null,"f. In the event of conflict between Bill of Quantities and other documents including the Specifications, the most stringent shall apply. The interpretation of the Architect / Consultant /Project Manager shall be final and binding."]
[]
[4,"The Contractor shall procure and bring Materials/Equipment to the site only on the basis of drawings approved for construction and shop drawings and not on the basis of Bill of Quantities which are approximate only. This also applies to the Contractor’s requisition for Owner supplied materials."]
[]
[5,"The contractor shall include for making all the opening in slabs, beams, walls etc. as required for his work.  However, the contractor can coordinate with civil work to provide necessary sleeves. All openings shall be closed using water proofing compound or as specified by Project Manager."]
[]
[6,"The work shall be carried out in conformity with the plumbing drawings and within the requirements of architectural, HVAC, electrical structural and other specialized services drawings."]
[]
[7,"The contractor shall cooperate with all trades and agencies working on the site.  He shall make provision for hangers, sleeves, structural openings and other requirements well in advance to prevent hold up of progress of the construction schedule.  All supports to the civil structure shall be provided with anchor fastners."]
[]
[8,"On award of the work, contractor shall submit a schedule of construction in the form of a PERT chart or BAR chart for approval of the Project Manager."]
[]
[9,"On award of the work the contractor shall be issued two (2) Set of consultant’s drawings.  The drawings shall be the basis of contractor’s shop drawings."]
[]
[10,"Shop drawings are detailed working drawings coordinated with other trading work, which incorporate the contractor’s details for execution of the work and incorporate equipment manufacturer’s details and dimensions to ensure that the same can be installed in the space provided."]
[]
[11,"All shop drawings should detail pipe routing and levels, showing location of other services at crossings etc., cable runs, route cable trays and all allied works and must be fully coordinated with other services, before execution of the works."]
[]
[12,"All shop drawings will be made on Autocad and coloured prints has to be produced for site work."]
[]
[13,"All rates quoted are inclusive of cutting holes and chases in walls with core cutting machines ans electrical chasing machines and making good the same with cement mortar of appropriate mix and strength as directed by the Project Manager. Contractor shall provide holes, sleeves, recesses in the masonry work as the work proceeds. "]
[]
[14,"The contractor shall , from time to time, clear away all debris and excess materials accumulated at the site failing which the same shall be done by Project Manager at contractor’s risk and cost and cost of clean up shall be deducted from the contractors prorata bill."]
[]
[15,"After the fixtures, equipment and appliances have been installed and commissioned, contractor shall cleanup the same and remove all plaster, paints, stains, stickers and other foreign matter or discoloration leaving the same in a ready to use condition."]
[]
[16,"On completion of all works, contractor shall demolish all stores, remove all surplus materials and leave the site in a broom clean condition, failing which the same shall be done by the Project Manager at the Contractor'’ risk and cost. Cost of the cleanup shall be deducted from the contractor’s bills on pro-rata basis in proportion to his contact value."]
[{"$nulls":8},"REVISED AS/INCREASED RATES"]
["Item","Description","Unit","Qty","Rate","Amount","Remarks",null,"Rate","Amount","Remarks"]
[]
["A","HYDRANTS, PIPING & ACCESSORIES"]
[]
[1,"Providing, fixing, testing & commissioning of Air Release Valve on top of each Hydrant riser of 15mm dia with full size NPT inlet and outlet connections with stop cock and drain arrangement, pressure gauge with gun metal stop cock complete with all accessories as required. ","Set",2,2850,{"$f":"D53*E53","v":5700},"Zoloto, Sant",null,2915,{"$f":"D53*I53","v":5830}]
[]
[2,"Providing & fixing dial type (100 mm) pressure gauge with isolation ball valve suitable for working pressure of 250 PSI. Cost shall be inclusive of providing any short pieces, nipples, elbows etc as required.","No.",9,1420,{"$f":"D55*E55","v":12780},"H-Guru, Zoloto",null,1450,{"$f":"D55*I55","v":13050}]
[]
[3,"Providing, laying, jointing, testing and commissioning of following sizes of pipes conforming to IS-1239(up to 150mm dia) / IS-3589 (200mm dia and above) with all accessories like all fittings (standard MS fitting with welded joint shall be used on the pipes) including tees, elbows, reducers, union, flanges, rubber gaskets, GI nuts bolts, washer including supporting/fixing the pipe on floor / wall / ceiling with clamps, hangers (using anchor fastners) as per specification. PVC pipe sleeve of suitable higher size shall be provided wherever the pipes are crossing the walls / floors and sealing the sleeves with glass wool in between & fire sealent compound at either end all as per Project Manager’s / Consultants requirements including  cutting holes and chases in brick, R.C.C work and making good the same to original conditions complete in all respects. All hangers, clamps, brackets etc. shall be of galvanized iron unless specified otherwire and then supply of the same shall also be included for rates under this head.",{"$nulls":4},"Tata, Jindal"]
[]
[null,"Welding of any kind on the galvanized support / hanger shall not be permitted including synthetic enamel paint of approved shade over a coat of zinc primer."]
[null,"For wet riser System - MS `C' Heavy class pipe"]
[]
[3.1,"25 mm dia","RM",22,373.4,{"$f":"D62*E62","v":8214.8},null,null,373.4,{"$f":"D62*I62","v":8214.8}]
[3.2,"80 mm dia","RM",15,841,{"$f":"D63*E63","v":12615},null,null,880,{"$f":"D63*I63","v":13200}]
[3.3,"100 mm dia","RM","QR",1139,{"$nulls":3},1375]
[3.4,"150 mm dia","RM",150,1950,{"$f":"D65*E65","v":292500},null,null,2040,{"$f":"D65*I65","v":306000}]
[]
[4,"Providing and fixing forged brass  ball valve with forged brass ball suitable for test pressure of  not less than 15 kg / sq.cm of the  following  size (Cost shall be inclusive of providing necessary union/flange connection)",{"$nulls":4},"Zoloto, Sant"]
[]
[4.1,"25 mm dia","No.",9,895,{"$f":"D69*E69","v":8055},null,null,940,{"$f":"D69*I69","v":8460}]
[4.2,"50 mm dia","No.","QR",2850,{"$nulls":3},3300]
[]
[5,"Providing & fixing of butterfly valve (suitable for test pressure of 15 kg / sqcm) with flanges, nut bolts, gaskets and necessary pad locking arrangement  complete required.",{"$nulls":4},"Zoloto, Sant"]
[]
[5.1,"150 mm dia","No.",3,10000,{"$f":"D74*E74","v":30000},null,null,10450,{"$f":"D74*I74","v":31350}]
[]
[6,"Providing and fixing tamper switch on butterfly valve / sluice valve / isolation valve for remote mointing of the valve open / close position. The tamper switch shall be provided with potential free contact with 2 No. NONC. The valve shall also be provided with manual lock & chain arrangement.","Set",3,8945,{"$f":"D76*E76","v":26835},"Zoloto, Sant",null,9350,{"$f":"D76*I76","v":28050}]
[]
[7,"Providing and fixing of dual plate CI wafer type check valve (suitable for test pressure of 15 kg / sqcm) with  flanges, Nut, bolts & washers, painting etc. complete  as required.",{"$nulls":4},"Zoloto, Sant"]
[]
[7.1,"150 mm dia","No.",1,15295.2,{"$f":"D80*E80","v":15295.2},null,null,15950,{"$f":"D80*I80","v":15950}]
[]
[8,"Providing & fixing SS fire hydrant single landing valve with 80 NB flanged inlet, brass spindle controlled 63 mm dia female instantaneous outlet type. SS coupling, blank cap, chain, twist release type lug & all accessories. Conforming to IS standard. Including  fixing with anchor fastner and flanged tapping from wet riser and providing pressure gauge with SS ball valve complete as required.","No.",9,7160,{"$f":"D82*E82","v":64440},"Newage, Safeguard",null,7480,{"$f":"D82*I82","v":67320}]
[]
[9,"Providing & fixing swinging type First Aid hose reel in red colour drum with 36 mts. long and 20 mm dia heavy duty thermoplastic water hose, 20 mm dia globe valve stop cock, terminating with SS coupling & nozzle of 6mm outlet with shut off valve confirming to IS 8090 - 1976 complete with MS socket for tap-off, drum and brackets (including painting) for fixing on wall with anchor fastner, bolts & nuts conforming to IS:884-1969 complete as required.","No.",{"$f":"D82","v":9},10316,{"$f":"D84*E84","v":92844},"Newage, Safeguard",null,10780,{"$f":"D84*I84","v":97020}]
[]
[10,"Providing & fixing non-perlocating, rubber reinforced lined fire hose pipe (as per IS : 636, Type A) of 63 mm dia and length as described below. The hose shall be rated for brust pressure of 35.7 Kg/sqcm. Hose shall be complete with ISI marked brass male & female coupling (IS:903) bound & rivetted to hose pipe with copper rivets & 1.5 mm copper wire.",{"$nulls":4},"Newage, Safeguard"]
[]
[10.1,"15 m length","No.",{"$f":"D84*2","v":18},7895,{"$f":"D88*E88","v":142110},null,null,8250,{"$f":"D88*I88","v":148500}]
[]
[11,"Providing & fixing controlled percolation fire hose pipe (as per IS:8423) of 63 mm dia and 15 meter length rated for brust pressure of 35.7 Kg/sqcm. The hose shall be tested for flame resistance test in accordance to IS:8423. Hose shall be complete with ISI marked brass male & female coupling (IS:903) bound & riveted to hose pipe with copper rivets & 1.5 mm copper wire (Location : External fire hydrant)","No.","RO",12000,null,"Newage, Safeguard",null,12000]
[]
[12,"Providing and Fixing SS 63 mm dia instantaneous pattern branch short pipe, 20 mm dia nozzle conforming to IS standard, suitable for inter connection to hose pipe coupling complete as required.","No.",{"$f":"D84","v":9},2210,{"$f":"D92*E92","v":19890},"Newage, Safeguard",null,2310,{"$f":"D92*I92","v":20790}]
[]
[13,"Providing and fixing standard firemans axe with heavy rubber handle.","No.",{"$f":"D92","v":9},1265,{"$f":"D94*E94","v":11385},"Newage, Safeguard",null,1320,{"$f":"D94*I94","v":11880}]
[]
[14,"Providing & fixing indoor type hose lockable cabinet frames fabricated from 40 x 40 x 5 angle iron sections and 16 gauge MS sheet with full front glass door and locking arrangement, suitable to accommodate landing valves, 15 m long hoses, first-aid hose reel and branch pipe nozzle & fire mans’ axe. The cabinet frame shall be painted with one coat of primer and two or more coats of synthetic enamel paint of approved make and shade, as required (Approx 2.1 m (high) x 0.9 m (wide). The item shall be complete of MS housing with front door.",{"$nulls":4},"Locally Fabricated"]
[]
[15,"Cost shall be inclusive of providing break glass box containing key for the cabinet along with hamer)","No.","QR",16000,{"$nulls":3},16000]
[]
[16,"Providing and fixing 5 mm thick glass door (with M.S frame) of size 2.1 m x 0.9 m with center opening for fire hose cabinet. Suitably marked on the outside with the letters \"FIRE HOSE\" including looking arrangement. All MS work to be in Red PO colour over appropriate primer. The above item is only for masonary fire station.","No.",9,18000,{"$f":"D100*E100","v":162000},"Locally Fabricated",null,19800,{"$f":"D100*I100","v":178200}]
[]
[17,"Providing and fixing heavy duty SS Floor grating with frame of approved design including setting in floor with cement motor to match with floor finish as per architect requirement. (for FHC drain pipe)",{"$nulls":4},"Jayna, Jaquar, Chilli"]
[]
[17.1,"Size 100 mm x 100 mm","No.",9,2000,{"$f":"D104*E104","v":18000},null,null,2750,{"$f":"D104*I104","v":24750}]
[]
[18,"Providing and fixing weather proof lockable cabinet of size not less than 0.9 x 0.6 x 0.45 mtr made out of MS sheet of 20 gauge thickness having central opening and 4 mm thick glazed glass doors (Two No.) suitably marked on the outside with the letters \"FIRE HOSE\" including necessary locking arrangement and shall be painted with powder coating and two coats of synthetic enamel paint of approved shade.",{"$nulls":4},"Locally Fabricated"]
[null,"The cabinet shall be suitable to accommodate 2 No.or 4 No 15mtr long Hose pipe & 2 No branch pipe nozzle. It shall be mounted on raised Brick platform complete as required."]
[null,"(Cost shall be inclusive of providing break glass box containing key for the cabinet along with hammer).","No.","RO",38000,{"$nulls":3},38000]
[]
[19,"Providing & fixing GM fire brigade connection (suction collecting head) consisting of 2 No. 63 mm dia instantaneous type male couplings with built-in check valves, 1 No. 150 mm dia sluice valve, 1 No. 150 mm dia non-return valve and 150 mm dia flanged outlet complete with bolts, nuts and rubber insertions as required and as per IS:904-1963.","No.",1,7580,{"$f":"D110*E110","v":7580},"Newage, Safeguard",null,7920,{"$f":"D110*I110","v":7920}]
[]
[20,"Providing & fixing MS cabinet (to enclose above FB connection and draw out connection) fabricated from 16g MS sheet with full front glass door and locking arrangement duly painted with one coat of primer and two or more coats of synthetic enamel paint of approved make and shade and suitably mounted on a raised masonry platform as required (Approx 0.6m x 0.6m x 0.45m)","No.",1,8420,{"$f":"D112*E112","v":8420},"Locally Fabricated",null,8800,{"$f":"D112*I112","v":8800}]
[21,"Providing, laying, jointing and testing in trenches the following sizes of MS class `C' (heavy class) pipes conforming to IS:1239 with accessories like fittings including tees, elbows, reducers, flanges, rubber gaskets, G.I. nuts, bolts and washers including excavation in all kind of soil, refilling, ramming, shoring,  removing the excavated surplus material, providing adequate support to the pipe and making good the same complete as required. Rate shall include for dewatering necessary to execute the work.  The pipe shall not be less than 1.0 m below ground level at any point.",{"$nulls":4},"Tata, Jindal (Rate not to include any civil or earth work)"]
[]
[21.1,"80 mm dia","RM",10,999,{"$f":"D115*E115","v":9990},null,null,1045,{"$f":"D115*I115","v":10450}]
[{"$f":"A115+0.1","v":{"v":21.200000000000003,"d":"21.2"}},"100 mm dia","RM","QR",1559,{"$nulls":3},1559]
[{"$f":"A116+0.1","v":{"v":21.300000000000004,"d":"21.3"}},"150 mm dia","RM",325,2110,{"$f":"D117*E117","v":685750},null,null,2204,{"$f":"D117*I117","v":716300}]
[]
[22,"Providing protection to embedded GI pipes and  fittings by applying protective primer (@ 100 gm/sqm) thereafter wrapping 4 mm thick protection coating by thermo fusion process. Overlap shall be maintained at 15 mm. The application process shall be strictly according to manufacturer’s specification. "]
[]
[{"$f":"A119+0.1","v":22.1},"80 mm dia","RM",10,420,{"$f":"D121*E121","v":4200},null,null,440,{"$f":"D121*I121","v":4400}]
[{"$f":"A121+0.1","v":{"v":22.200000000000003,"d":"22.2"}},"100 mm dia","RM","QR",550,{"$nulls":3},550]
[{"$f":"A122+0.1","v":{"v":22.300000000000004,"d":"22.3"}},"150 mm dia","RM",320,580,{"$f":"D123*E123","v":185600},null,null,605,{"$f":"D123*I123","v":193600}]
[]
[23,"Constructing brick masonary chamber (for housing valve) in brick work with bricks of class 75 in cement mortar 1:5 (1 cement:5 fine sand) 12 mm thick plaster on inside with a floating coat of neat cement &rough plaster on external faces with cement mortar 1:3 (1cement:3 coarse sand). Including providing R.C.C. top slab complete in all respect. Cost shall be inclusive of excavation in earth, shoring, dewatering, support to valve and access rungs as required to complete the work.",{"$nulls":4},"Locally Constructed"]
[]
[23.1,"Size 1200 x 900 x 1000 mm deep","No.",1,12000,{"$f":"D127*E127","v":12000},null,null,12000,{"$f":"D127*I127","v":12000}]
[]
[24,"Providing & fixing CI medium duty manhole cover with frame of 560 mm internal dia for valve chamber.The weight of the cover not to be less tan 58 Kg and frame not less than 58 Kg as per standard design. ","No.",1,3500,{"$f":"D129*E129","v":3500},null,null,3500,{"$f":"D129*I129","v":3500}]
[]
[null,"TOTAL CARRIED TO SUMAMRY"]
["C","SPRINKLER, PIPING & ACCESSORIES"]
[]
[1,"Providing, laying, jointing and testing of following sizes of pipes conforming to IS-1239 with all accessories like all fittings (for pipes upto 50mm dia threaded forged steel fittings and for pipes above 50 mm dia MS fitting with welded joint shall be used) including tees, elbows, reducers, union, flanges, rubber gaskets, GI nuts bolts, washer including supporting/fixing the pipe on floor/wall/ceiling with clamps, hangers (using anchor fastners) as per specification. GIpipe sleeve of suitable higher size shall be provided wherever the pipes are crossing the walls / floors and sealing the sleeves with glass wool in between & fire sealent compound at either end all as per Project Manager’s requirements including cutting holes and chases in brick, RCC work and making good the same to original conditions complete in all respects. ",{"$nulls":4},"Tata, Jindal"]
[null,"All hangers, clamps, brackets etc. shall be of galvanized iron unless specified otherwire and then supply of the same shall also be included for rates under this head. Welding of any kind on the galvanized support / hanger shall not be permitted."]
[]
[null,"For Sprinkler system - MS `C' Heavy class pipe"]
[1.1,"25 mm dia","RM",1490,373.4,{"$f":"D138*E138","v":556366},null,null,411,{"$f":"D138*I138","v":612390}]
[1.2,"32 mm dia","RM",190,490,{"$f":"D139*E139","v":93100},null,null,539,102410]
[1.3,"40 mm dia","RM",650,570,370500,null,null,627,407550]
[1.4,"50 mm dia","RM",450,645,290250,null,null,710,319500]
[1.5,"65 mm dia","RM",300,738,221400,null,null,811,243300]
[1.6,"80 mm dia","RM",440,841,370040,null,null,925,407000]
[1.7,"100 mm dia","RM",110,1139,125290,null,null,1252,137720]
[1.8,"150 mm dia","RM",590,1950,1150500,null,null,2145,1265550]
[]
[2,"Providing, fixing, jointing and testing in position the for drainage purpose following heavy class (Class C) M.S pipes conforming to IS:1239 cut to required lengths including all necessary fittings (All fittings shall confirm to IS:1879 (part 1 to 10) and specials such as bends, tees, unions, Reducers, flanges & plugs etc. fixing at wall /ceiling level supported by clamps, hangers (using anchor fastners) etc, as per specification. MS pipe sleeves suitable higher size shall be provided wherever the pipes are crossing the fire rated walls / floors slab and sealing the sleeves with glasswool in between and fire sealent compound at either end all as per Project Manager's / Consultant requirement. All hangers, clamps, brackets etc. shall be of galvanized iron unless specified otherwise and the supply of the same shall also be included in rates under this head. ",{"$nulls":4},"Tata, Jindal"]
[]
[2.1,"50 mm dia","RM",35,645,{"$f":"D149*E149","v":22575},null,null,675,{"$f":"D149*I149","v":23625}]
[]
[3,"Providing two coats of synthetic enamel paint of approved shade over a coat of primer. Prior to application of primer the surface should be cleaned for any dirt, rusts, rough substance etc. Including painting of legends both direction arrow as per the approval of the Project Manager."]
[]
[3.1,"25 mm dia","RM",{"$f":"D138","v":1490},10,{"$f":"D153*E153","v":14900},null,null,10,{"$f":"D153*I153","v":14900}]
[3.2,"32 mm dia","RM",{"$f":"D139","v":190},20,3800,null,null,20,3800]
[3.3,"40 mm dia","RM",650,25,16250,null,null,25,16250]
[3.4,"50 mm dia","RM",450,30,13500,null,null,30,13500]
[3.5,"65 mm dia","RM",300,40,12000,null,null,40,12000]
[3.6," 80 mm dia","RM",440,50,22000,null,null,50,22000]
[3.7,"100 mm dia","RM",110,60,6600,null,null,60,6600]
[3.8,"150 mm dia","RM",590,80,47200,null,null,80,47200]
[]
[4,"Providing and fixing forged brass ball valve with forged brass ball (suitable for operating pressure of not less than 16 Kg /sq.cm of the following size including providing necessary union / flange. ",{"$nulls":4},"Zoloto, Sant"]
[null,null," "]
[4.1,"25 mm dia","No.","QR",1250,{"$nulls":3},1250]
[4.2,"50 mm dia","No.","QR",2850,{"$nulls":3},3300]
[]
[5,"Supply, installation, testing and commissioning of electrically operated water flow switches (Vane type) including tamper switch and accessories, complete with tap off socket arrangement as required, with potential free contact with 2 No. NONC.",{"$nulls":4},"System Sensor, Indfoss"]
[]
[5.2,"150 mm dia","No.",5,5790,{"$f":"D169*E169","v":28950},null,null,6050,{"$f":"D169*I169","v":30250}]
[]
[6,"Providing & fixing brass quartzoid sprinklers (UL approved) of 15 mm dia size, suitable for sustaining the pressure on the seat & water hammer effect. The type & temperature rating shall be as follows :",{"$nulls":4},"Tyco, HD"]
[]
[6.1,"Spray recessed (adjustable) rossette (68°C) sprinkler quick response pendant / upright type","No.",1140,540,{"$f":"D173*E173","v":615600},null,null,561,{"$f":"D173*I173","v":639540}]
[null,"Rosette Plate","No.",1140,130,148200,null,null,130,{"$f":"D174*I174","v":148200}]
[6.2,"Sidewell extended coverage (68°C) sprinkler quick response type. ","No.",25,690,17250,null,null,715,{"$f":"D175*I175","v":17875}]
[]
[7,"Providing, fixing, testing & commissioning of U.L.listed/ FM approved corrugated SS-304 Braided flexible sprinkler pipe droplet for 12 kg/ sq. cm. working pressure with 1/2\" BSP threaded outlet & 1\" BSP threaded inlet with reducer nipple, snap, clamp, T-bar bracket etc. with necessary fitting complete as required.",{"$nulls":4},"Tyco, Newage"]
[]
[7.1,"700 mm length","No.",400,1420,{"$f":"D179*E179","v":568000},null,null,1485,{"$f":"D179*I179","v":594000}]
[7.2,"1200 mm length","No.",300,1630,489000,null,null,1705,{"$f":"D180*I180","v":511500}]
[7.3,"1500 mm length","No.",200,2020,404000,null,null,2112,{"$f":"D181*I181","v":422400}]
[]
[8,"Providing & Fixing of Installation Control Valve with turbine type automatic Alarm Gong to be connected with control valve, drain & test valve and all other necessary components as per manufacturer's specifications complete as required.",{"$nulls":4},"Tyco, HD"]
[]
[8.1,"150 mm dia","No.",1,33700,{"$f":"D185*E185","v":33700},null,null,35200,{"$f":"D185*I185","v":35200}]
[]
[9,"Providing and fixing inspectors test assembly complete with test valve, sight glass sectional drain valve, 25mm and 50mm dia medium class (Class B) G.I. pipes conforming to IS:1239 cut to required lengths including threaded fittings,union with corrosion resistant orifice all complete strictly as per drawing.",{"$nulls":4},"Viking, Tyco"]
[]
[9.1,"50 mm dia","No.",5,3865,{"$f":"D189*E189","v":19325},null,null,4037,{"$f":"D189*I189","v":20185}]
[]
[10,"Portable Chemical Fire Extinguishers"]
[]
[null,"Supply, installation, testing and commissioning of following types of extinguisher with provision of wall bracket (fixed with anchor fastner).",{"$nulls":4},"Ceasefire, Safeguard"]
[]
[10.1,"Supply, Installation, Fixing of CO2 type Fire Extinguisher of capacity 4.5 kg (6.8 Liter) confirms to IS 15683, bearing ISI mark, consisting of High Pressure seamless steel cylinder (IS 7285)  and duly approved by Chief controller of Explosive Nagpur, fitted with wheel type valve, fully charged with CO2 gas (IS 15222), with non-conductor of electricity discharge PVC horn along with Bend Pipe,  internally siphon tube & mounting brackets having fire rating. (Near each FHC & Corridor areas)","Each",null,6500]
[]
[10.2,"Supply, Installation, Fixing of Stored  Pressure (ABC  Dry Chemical  Powder) type Fire  Extinguisher of Capacity 6 kg Confirms to IS 15683, bearing ISI mark complete with brass forged  squeeze grip type valve fitted with pressure gauge , pressurize with dry Nitrogen gas filled, with discharge nozzle with wall mounting bracket, having fire rating of 3A & 21B. (Near each FHC & Corridor areas)"]
[]
["10.2.1","6 Kg","Each",null,3500]
[]
[10.3,"Providing   and fixing water based CO2 type extinguishers consisting of welded M.S. cylindrical body,   squeeze lever discharge valve 30 cms long high pressure discharge hose, discharge nozzle, suspension bracket, ISI marked as per   IS:934 finished externally with red enamel paint and fixed to wall with brackets complete with internal charges. (Near each electrical room , UPS, server room & batteries room)"]
[]
[null,"Capacity 9 KG","Each",null,4000]
[]
[10.4,"Providing and fixing Clean Agent Type (ISI marked) fire extinguishers consisting of welded  M.S. cylindrical  body squeeze lever discharge  valve 30   cm   long  high pressure discharge    hose,   discharge nozzle, suspension bracket as per  ISI marked   finished externally  with  red  enamel paint and fixed to wall   with  brackets complete with internal charger."]
[null,"Capacity 4 lit. (Only for Lab & Other medical equipment areas)","Each",null,14500]
[]
[null,"TOTAL CARRIED TO SUMAMRY",{"$nulls":3},{"$f":"SUM(F50:F207)","v":7500000},{"$nulls":3},{"$f":"SUM(J50:J207)","v":8009979.8}]

{"sheet":"Low Side AC","index":6,"n_rows":191,"n_cols":10,"rows_kept":191,"merged":[[0,0,0,9],[1,0,1,9],[2,0,2,7],[3,1,3,5],[4,1,4,5],[5,1,5,5],[6,1,6,5],[7,1,7,5],[8,1,8,5],[9,1,9,5],[10,1,10,5],[11,1,11,5],[12,1,12,5],[13,1,13,5],[15,1,15,5],[16,1,16,5],[17,1,17,5],[18,1,18,5],[19,1,19,5],[20,1,20,5],[21,1,21,5],[22,1,22,5],[23,1,23,5],[24,1,24,5],[25,1,25,5],[26,1,26,5],[27,1,27,5],[28,1,28,5],[29,1,29,5],[30,1,30,5],[31,1,31,5],[32,1,32,5],[33,1,33,5],[34,1,34,5],[35,1,35,5],[36,1,36,5],[37,1,37,5],[38,1,38,5],[39,1,39,5],[40,1,40,5],[41,1,41,5],[42,1,42,5],[43,1,43,5],[44,1,44,5],[45,1,45,5],[46,1,46,5],[47,1,47,5],[48,1,48,5],[49,1,49,5],[50,1,50,5],[51,1,51,5],[52,1,52,5],[53,1,53,5],[54,1,54,5],[55,1,55,5],[56,1,56,5],[57,1,57,5],[58,1,58,5],[59,1,59,5],[60,1,60,5],[61,1,61,5],[62,1,62,5],[63,1,63,5],[64,1,64,5],[65,1,65,5],[66,1,66,5],[67,1,67,5],[68,1,68,5],[69,1,69,5],[70,1,70,5],[71,1,71,5],[72,1,72,5],[73,1,73,5],[74,1,74,5],[75,1,75,5],[76,1,76,5],[77,1,77,5],[78,1,78,5],[79,1,79,5],[80,1,80,5],[81,1,81,5],[82,1,82,5],[83,1,83,5],[84,1,84,5],[85,1,85,5],[95,1,95,5],[103,1,103,5],[104,1,104,5],[105,1,105,5],[106,1,106,5],[107,1,107,5],[108,1,108,5],[110,1,110,5],[111,1,111,5],[112,1,112,5],[113,1,113,5],[114,1,114,5],[115,1,115,5],[116,1,116,5],[117,1,117,5],[118,1,118,5],[119,1,119,5],[120,1,120,5],[121,1,121,5],[122,1,122,5],[123,1,123,5],[124,1,124,5],[125,1,125,5],[126,1,126,5],[127,1,127,5],[128,1,128,5],[129,1,129,5],[130,1,130,5],[131,1,131,5],[132,1,132,5],[133,1,133,5],[134,1,134,5],[135,1,135,5],[136,1,136,5],[137,1,137,5],[138,1,138,5],[139,1,139,5],[140,1,140,5],[141,1,141,5],[142,1,142,5],[143,1,143,5],[144,1,144,5],[145,1,145,5],[146,1,146,5],[147,1,147,5],[148,1,148,5],[149,1,149,5],[150,1,150,5],[151,1,151,5],[152,1,152,5],[153,1,153,5],[154,1,154,5],[155,1,155,5],[157,1,157,5],[158,1,158,5],[159,1,159,5],[160,1,160,5],[161,1,161,5],[162,1,162,5],[163,1,163,5],[165,1,165,5],[166,1,166,5],[168,1,168,5],[169,1,169,5],[171,1,171,5],[172,1,172,5],[174,1,174,5],[176,1,176,5],[177,1,177,5],[179,1,179,5],[181,1,181,5],[182,1,182,5],[183,1,183,5],[184,1,184,5],[185,1,185,5],[186,1,186,5],[189,1,189,5],[190,1,190,5]]}
["Annexure-II"]
["HVAC WORKS(LOW SIDE)"]
[]
["S.No.","Description ",{"$nulls":4},"Unit","Qty.","Rate","Amount"]
[]
[null,"Chilled Water Piping, Valves & Other Accessories "]
[]
["1","CHILLED WATER PIPING"]
[]
[null,"Supplying, laying/ fixing, testing and commissioning of following nominal sizes of chilled water piping plumbing inside the building (with necessary clamps, vibration isolators and fittings but excluding valves, strainers, gauges etc.) duly insulated with following closed cell elastomeric nitrile rubber of class O Insulation applied by adhesives confirming to standrard specifications & finally applying 0.63 mm Aluminium sheet cladding complete with type 3 grade 1 roofing feltstrip (As per IS 1322 as ammended upto date) at joints & repairing of damages to the building etc. as per specifications and as required complete in all respect.\nNote : The Pipes of sizes 150mm & below shall be M.S. ‘C’ class as per IS : 1239 and pipes size above 150mm shall be welded black steel pipe heavy class as per IS: 3589, from minimum 6 mm thick M.S. Sheet for pipes upto 350 mm dia. and from minimum 8 mm thick MS sheet for pipes of 400 mm dia and above.\nFor Cooling System pipework: R value should be min. 0.35 sqmK/W below 15 degree Celsius\nFor Heating System pipework: R value should be min. 0.74 sqmK/W for 60 degree Celsius & above & min. 0.35 sqmK/W for temp. between 40 to 60 degree Celsius.\nInsulation thickness for pipe shall be as per technical specifications."]
[]
["1.1","20 mm dia MS Pipes     (25mm thick insulation)",{"$nulls":4},"Metre",40]
["1.2","25 mm dia MS Pipes     (25mm thick insulation)",{"$nulls":4},"Metre",100]
["1.3","32 mm dia MS Pipes     (32mm thick insulation)",{"$nulls":4},"Metre",80]
["1.4","40 mm dia MS Pipes     (32mm thick insulation)",{"$nulls":4},"Metre",30]
["1.5","50 mm dia MS Pipes     (32mm thick insulation)",{"$nulls":4},"Metre",80]
["1.6","65 mm dia MS Pipes  (32mm thick insulation)",{"$nulls":4},"Metre",45]
["1.7","80 mm dia MS Pipes  (32mm thick insulation)",{"$nulls":4},"Metre",40]
[1.8,"Connections to existing header",{"$nulls":4},"Lot",1]
[]
[null,"INUSLATED VALVE"]
[]
[null,"Supplying, fixing, testing and commissioning of following valves, strainers, gauges in the chilled/hot water plumbing duly insulated to the same specifications as the connected piping and adequately supported as per specifications"]
[]
["2","BUTTERFLY VALVE (MANUAL) with C I body SS Disc, Nitrile Rubber Seal & O- Ring PN 16 pressure rating for chilled water water circulation as specified"]
[]
["2.7","40 mm dia   ",{"$nulls":4},"Nos","RO"]
["2.8","65 mm dia ",{"$nulls":4},"Nos","RO"]
["2.8","80 mm dia ",{"$nulls":4},"Nos",2]
[]
["3","Y - STRAINER of Ductile CI Body flanged ends with stainless steel strainer for chilled circulation including insulation as specified."]
[]
["3.1","40 mm dia",{"$nulls":4},"Nos.",1]
[3.2,"65 mm dia",{"$nulls":4},"Nos.","RO"]
[]
[null,"AIR DISTRIBUTION "]
[]
["4","AIR DISTRIBUTION (FOR AIR CONDITIONING AREAS)\nSupply, installation, balancing and commissioning of  factory fabricated GSS sheet metal rectangular/round ducting complete with neoprene rubber gaskets, elbows, splitter dampers, vanes, hangers, supports (GI Chanell) etc. as per approved drawings and specifications of following sheet thickness complete as required. (It shall be as per SMACNA standards)\nNote:- UV coating & Mechanical protection shall be considered for exposed ducting insulation.\nGSS Duct with Soldereing shall be provided for Critical area having 0.3 micron Filter in AHU."]
[]
[4.1,"Thickness 0.63 MM  Galvanized Sheet Steel Ducting",{"$nulls":4},"Sqm.",350]
[4.2,"Thickness 0.80 MM Galvanized Sheet Steel Ducting",{"$nulls":4},"Sqm.",40]
[4.3,"Thickness 1.0 MM Galvanized Sheet Steel Ducting",{"$nulls":4},"Sqm.","RO"]
[4.4,"Thickness 1.25 MM Galvanized Sheet Steel Ducting",{"$nulls":4},"Sqm.","RO"]
[]
["5","SUPPLY / RETURN AIR DIFFUSERS"]
[]
["5.1","Supplying, fixing testing commissioning of supply air diffusers of powder coated aluminium with aluminium volume control dampers with anti smudge ring & removable core.",{"$nulls":4},"Sqm.",8]
[]
["5.2","Supplying, fixing testing commissioning of Return air diffusers of powder coated aluminium without volume control dampers with anti smudge ring & removable core.",{"$nulls":4},"Sqm.",8]
[]
[]
["6","SUPPLY / RETURN AIR GRILLES"]
[]
["6.1","Supplying & fixing of powder coated extruded aluminium Supply Air Grills with aluminium volume control dampers (18 Gauge) as per specifications.",{"$nulls":4},"Sqm.",4]
[]
["6.2","Supplying & fixing of powder coated extruded aluminium return air grill with louvers but  without volume control dampers complete as required.",{"$nulls":4},"Sqm.",4]
[]
["7","FIRE DAMPERS"]
[]
[null,"Supplying, Fixing, testing and commissioning of fire dampers in supply air duct/main branch and return air path as and where required of required sizes i/c control wiring, the damper shall be motorized and spring return so as to close the damper in the event of power failure automatically and open the same in case of power being restored. The spring return action shall be inbuilt mechanism and not externally mounted. The damper shall also be closed in the event of fire signal complete as required and as per specifications."]
[]
["7.1","Fire damper",{"$nulls":4},"Sqm.",10]
["7.2","Actuator",{"$nulls":4},"Each",20]
[]
["8","INSULATION FOR OTHER AREA"]
[]
[null,"Supply and installation of external thermal insulation on ducts. Insulation shall be closed cell chemically cross linked polyethylene foam with thermal conductivity not exceeding 0.032 W/moK at an average temperature of 250 C.  Density of the material shall be 25-30 Kg/m3 and shall be single layer up to 18mm thickness. The insulation material shall be fire rated for Class o as per BS-476 Part 7 with non-toxic smoke. Quoted price shall be inclusive of adhesive, tapes as per specification.\n"]
[]
["8.1","13 mm thick (In Conditioned Space) ",{"$nulls":4},"Sqm.",350]
["8.2","25 mm thick (In Non - Conditioned Space) for Exposed Area",{"$nulls":4},"Sqm.","RO"]
[]
["9","Supplying, installation, testing & commissioning of acoustic lining within supply and return air ducts as per the specifications. All ducts shown cross hatched on the approved shop drawings shall be provided with acoustic lining of Open Cell Engineered Nitrile Rubber foam (Antimicrobial) tested as per ISO 354:2003, ISO 11654:1997 & ASTM C 423.  Class-o Insulation.\n140-180 kg/cum for AHU rooms/DG room/Duct . It should be complete in all respect & as per directions of engineer-in-charge."]
[]
["9.1","15 mm thick acoustic lining for duct",{"$nulls":4},"Sqm.",40]
["9.2","32 mm thick acoustic lining for AHU room etc",{"$nulls":4},"Sqm.","RO"]
[]
[10,"CEILING SUSPENDED UNIT (CSU)"]
[]
[null,"Supply, Installation, testing and commissioning of factory fabricated double skin type Air Handling Units (BMS compatible) including by-pass starter as per specifications given below:-"]
[null,"AHU Construction:-   It shall be made out of min.0.8 mm pre-plasticized/pre-coated Galvanised steel sheet outside & 0.8 mm inside with 43 mm thick PUF insulation factory injected between them by injection moulding m/c, with density not less than 38 kg/Cum between them. Drain pan (made  out  of 1.25 mm stainless steel (SS Grade 304) sheet insulated with 19 mm think closed cell insulation(Nitrile/XLPE) & thermal break profile.\n Necessary supports required & vibration isolators shall be provided & cost for the same shall be included in this item (excluding civil work)"]
[null,"Supply Air Stream:- \n1) Filter section consisting of pre filter and microvee/fine filter . Pre-filter section shall be with non woven synthetic  media  of  10 micron  particle  size  with an efficiency  of  90%, \n2) Belt type centrifugal Fan (with min. 70% efficiency) with blower motor, drive and flexible duct connection.  The supply fan shall be provided with variable frequency drive and input / output signal compatible to BMS system.\n3) 6/8 row deep cooling coil\n5) Discharge plenum section.\n6)  Mixing Box comprising of damper & filter section.\n\n"]
[null,"COIL- Copper tubes and Aluminium fins 12-13 fin./inch, Coil size shall be selected for air velocity of 350 ft/minute & velocity across filters at 350 ft/minute. Motors shall be suitable for 415 ± 10% volts, 50 Hz, 3 phase AC supply & high efficiency(EFF-1/IE-2). Vibration isolation shall be as per specifications and as shown on the drawings.  "]
[]
[null,"Sound level 65 db at the distance of 2 mtr.(maximum)"]
[null,"Squirrel cage induction motors suitable for 415 ± 10% volts, 50 Hz, AC supply & high efficiency (IE-2/EFF-1 Efficiency), H.P of motor shall be as per actual selection meeting other technical requirements."]
[]
[null," Floor Space & Type (Floor Mounted )","Tonnage (TR)","CFM","Static Pressure (in mm)","Stage of Filtration"]
[]
[10.1,null,7,1800,40,2,"Nos.",1]
[null,null,6,2500,40,2,"Nos.",2]
[null,null,9,3000,40,2,"Nos.",2]
[null,null,12,4000,40,2,"Nos.",1]
[]
[11,"INLINE FANS"]
[]
[null,"Supplying, installing, testing and commissioning of INLINE FANS suitable for installing in any position in vertical or horizontal ducts. The casing shall be double skin, internally acoustically lined and constructed of galvanised steel. The fan shall be DIDW with forward curve impeller fitted with maintenance free external rotor motor. The motor shall be suitable for 220±5% /415±10% volt single phase /three phase 50 cycles AC supply & meeting criterion as per ASHRAE standard 90.1-2010 and high efficiency (IS 12615). Quoted price shall be inclusive of electronic speed regulator and wiring between fan & speed regulator for single phase fans. Incase of 3 phase fans quated price shall be inclusive of DOL starter panel (As per motor HP meeting our parametres) with cabling between starter panel and fan. The incoming power supply to speed regulator / starter panel shall be provided by electrical contractor. Fan along with cabinet should be AMCA certified. Noise level should not exceed 65 DB at 3 meter in room condition. PCC/RCC  foundation with plaster, other mounting arrangement,  Antivibration  arrangement  of cushy foot mountings etc. complete in all respect shall be in contractor's scope."]
[11.1,"Duty- For Toitel & PANTRY Exhaust Air"]
[null,"Air Quantity       :  1200 CFM "]
[null,"Static Pressure  :   20 mm wg"]
[null,"Fan Motor H.P:  As per actual selection meeting other technical parameters","No.",{"$nulls":3},"No.",2]
[11.2,"Air Quantity       :  500 CFM ",{"$nulls":4},"No.",1]
[null,"Static Pressure  :   20 mm wg"]
[null,"Fan Motor H.P:  As per actual selection meeting other technical parameters"]
[12,"SPLIT UNITS-DUCTABLE/HI WALL TYPE"]
[]
[null,"HI WALL SPLIT UNITS- INVERTER DRIVEN COMPRESSOR "]
[]
[null,"Supply, Installation, testing and commissioning of Air-cooled Hi-wall/Cassette split air conditioners each comprising an  outdoor  unit(s)  consisting of inverter driven compressor, air cooled  condenser,  condenser fan along with Cooling thermostats etc. with outer casing  and indoor fan coil unit consisting of centrifugal fans,  fan motor, DX cooling coil, outer casing, filter, control and power panel with remote etc. entire cabling and wiring from indoor to outdoor, insulation and with full charge of refrigerant gas and oil,   supports, canvas connection etc. complete as per drawings. The indoor and outdoor units shall be with structural steel supports, angles, rods etc. The quoted price shall also include 24 G soft copper refrigerant piping with 13mm \"O\" class factory backed nitrile rubber with aluminium foil from outdoor unit to indoor unit complete with insulation, refrigerant charging,  PVC drain piping with 6mm thick nitrile rubber insulation, supports, clamps, fittings, connections, sleeves, supports, MCB, stabilizer etc from main panel to the unit. The refrigerant used shall CFC Free R-410 A.\n\n"]
[]
[12.1,"2.0 TR ",{"$nulls":4},"Nos.","RO"]
[12.2,"1.5 TR ",{"$nulls":4},"Nos.",1]
[]
[]
["13","PICB VALVE (PRESSURE INDEPENDENT CONTROL & BALANCING VALVE)/HIGH RANGABILITY"]
[]
[null,"Supply, Installation Testing and Commissioning of PICBV (pressure independent valves (PN-16 rated)  with modulating, 2- way control device. The Valve should have self-Dynamic Flow Control Valves that are pressure independent, Modulating to accept digital/analog input BMS/Controller signals and should provide position feedback signal to the control system. It should be diaphragm type & pressure balancing valve. Pressure Drop across the valve must not exceed 20 kpa up to DN 32 and 30 Kpa in bigger Sizes.Actuator should be Gear type only shall be rated to IP54.  Valve shall be of Brass Construction up to DN32 and Cast Iron up to DN150. Valve & Actuator combination should be able to give logarithmic control characteristics to achieve linear control."]
[]
["13.1","20 mm dia AHU Valves are Modulating Type",{"$nulls":4},"Nos.",1]
["13.2","25 mm dia AHU Valves are Modulating Type",{"$nulls":4},"Nos.",4]
["13.3","32 mm dia AHU Valves are Modulating Type",{"$nulls":4},"Nos.",5]
["13.4","40 mm dia AHU Valves are Modulating Type",{"$nulls":4},"Nos.",1]
["13.5","50 mm dia AHU Valves are Modulating Type",{"$nulls":4},"Nos.","RO"]
["13.6","65 mm dia AHU Valves are Modulating Type",{"$nulls":4},"Nos.","RO"]
[]
["14","Supply,Installation Testing and Commissioning of  the following Ball Valves with Strainer duly insulated as per specifications and drawings. It shall be bronze forged body construction with chrome plated bronze ball and handle of stainless steel constructions.  "]
[]
["14.1","40 mm dia",{"$nulls":4},"Nos.",6]
["14.2","32 mm dia",{"$nulls":4},"Nos.",1]
["14.3","25 mm dia",{"$nulls":4},"Nos.",4]
["14.4","20 mm dia",{"$nulls":4},"Nos.",1]
[]
["15","Supply,Installation Testing and Commissioning of  the following Ball Valves without strainer duly insulated as per specifications and drawings. It shall be bronze forged body construction with chrome plated bronze ball and handle of stainless steel constructions.  "]
[]
["15.1","40 mm dia",{"$nulls":4},"Nos.",10]
["15.2","32 mm dia",{"$nulls":4},"Nos.",2]
["15.3","25 mm dia",{"$nulls":4},"Nos.",6]
["15.4","20 mm dia",{"$nulls":4},"Nos.",2]
[]
["16","Supply, installation, testing and commissioning of cooling/Heating  thermostats for various Air Handling Units  and Fan Coil Units as per specifications including all accessaries ,mountings,wiring between thermostat & unit, terminations etc.(BMS Compatibility to be provided)."]
[]
["16.1","Proportional thermostats for Air Handling Units",{"$nulls":4},"Nos.",6]
[]
["17","Supply, installation, testing and commissioning of the following Drain (Ball) Valves  (full way) of brass construction with PTFE seat, screwed female ends duly insulated as per specifications and drawings."]
[]
["17.1","25 mm dia",{"$nulls":4},"Nos.",6]
["17.2","20 mm dia",{"$nulls":4},"Nos.","RO"]
[]
["18","Supply, installation, testing and commissioning of  Auto Purge Valves of brass construction with screwed ends duly insulated as per specifications and drawings complete in all respect."]
[]
["18.1","25 mm dia",{"$nulls":4},"Nos.","RO"]
["18.2","20 mm dia",{"$nulls":4},"Nos.",6]
[]
[]
["19","Providing and fixing in position the industrial type pressure gauges  with gun metal/brass valves complete as required.",{"$nulls":4},"Nos.",6]
[]
["20","Providing & fixing in position the mercury in glass industrial type thermometer complete as required.",{"$nulls":4},"Nos.",6]
[]
[21,"Supply, installation, testing & commisisioning of  Fan Coil unit  with  Fan, Alumininum filter,  3- speed motor, 3 / 4 row deep cooling Coil, ball valve with strainer for inlet & without strainer at outlet, flexible connection, airvent,  with auxiliary extended insulated stainless steel sandwitched drain pan, FCU Analogue type thermostat with on/off /3-speed switch,2 way dynamic control valve along with control cabling  including conduits & all accessories etc. Refer Equipment schedule for details.   (All FCU airflow should be selected at medium speed)          "]
[21.1,"1 TR",{"$nulls":4},"Nos",1]
[21.2,"1.5 TR",{"$nulls":4},"Nos","RO"]
[21.3,"2 TR",{"$nulls":4},"Nos","RO"]
["21.4","2.5 TR",{"$nulls":4},"Nos",4]
["21.5","3 TR",{"$nulls":4},"Nos","RO"]
["21.6","3.5 TR",{"$nulls":4},"Nos","RO"]
[]
[22,"Supply, installation, testing & commisisioning of  DUCTABLE UNIT  with  Fan, Alumininum filter,  3- speed motor, 3 / 4 row deep cooling Coil, ball valve with strainer for inlet & without strainer at outlet, flexible connection, airvent,  with auxiliary extended insulated stainless steel sandwitched drain pan, FCU Analogue type thermostat with on/off /3-speed switch,2 way dynamic control valve along with control cabling  including conduits & all accessories etc. Refer Equipment schedule for details.   (All FCU airflow should be selected at medium speed)          "]
[22.1,"6.36 TR / 2295 CFM Ductable IDU with 20mm ESP.",{"$nulls":4},"Nos","RO"]
[]
[{"v":23,"d":"23.0"},"Tube Axial Flow ( AMCA Certified)"]
[null,"Supply, installation,testing and commisioning of tube axial flow fans as shown in drawings, Each fan shall be direct driven. Fan motor shall be suitable for 3 Phase, 415+/- 10% V, 50Hz AC supply  with IP 55 protection, class 'F' insulation and IE-3 efficiency class and suitable for continuous duty. Fan shall be complete with gravity louvers, vibration isolators, safety guards ( wire mesh). The efficiency of the fan shall not be less than 70 %. Noise level at 3 m should be below 70 dB( if any acoustic treat ment required shall be done by the equipment supplier."]
[]
[null,"Duty:  Fresh Air Supply-"]
[23.1,"Air Quantity : 11000 CFM,  35 mm st. pr.",{"$nulls":4},"Nos",2]
[]
[{"v":24,"d":"24.0"},"Tube Axial Fans (Fire rated & AMCA Certified)"]
[]
[null,"Supply, installation,testing and commisioning of tube axial flow fans as shown in drawings, Each fan shall be direct driven. Fan motor shall be suitable for 3 Phase, 415+/- 10% V, 50Hz AC supply with IP 55 protection, class 'H' insulation and IE-3 class. Fan shall be complete with gravity louvers, vibration isolators, safety guards ( wire mesh). Fan shall be 250 deg C, 2hrs fire rated.The efficiency of the fan shall not be less than 70 %. Noise level at 3 m should be below 70 dB( if any acoustic treat ment required shall be done by the equipment supplier."]
[null,"duty: smoke extraction"]
[]
[24.1,"Air Quantity : 11000 CFM,  35 mm st. pr.",{"$nulls":4},"Nos",2]
[]
[25,"Supply Installation, Testing, Commisioning of Electrical starter panel complete with starter, all accessories, controls, harmonic filters for Ventilation units / CSU's drive motors including enclosure arrangement,necessary a/m switches and auxiliary contacts for BMS Operation The panels shall be supported with MS channels / angles as required for following Capacities.The final rating of the equipment kW shall be as per the approved MAR. The cost is included with the cable/wire & termination as per required ,suitable for the motor Kw& location as per site condition..  "]
[25.1,"11000 CFM  AXIAL FAN",{"$nulls":4},"Nos",4]
[25.2,"6 TR CSU",{"$nulls":4},"Nos",1]
[25.3,"7 TR CSU",{"$nulls":4},"Nos",2]
[25.4,"9 TR CSU",{"$nulls":4},"Nos",2]
[25.5,"12 TR CSU",{"$nulls":4},"Nos",1]
[]
[]
[null,"Note:- • All interfacing with BMS and Fire Alarm System shall be HVAC contractor’s responsibility."]
[null,"TOTAL CARRIED TO SUMMARY"]

{"sheet":"FAS","index":7,"n_rows":22,"n_cols":6,"rows_kept":22,"merged":[[0,0,0,5],[1,0,1,5]]}
["Annexure-IV"]
["Integrated Fire Alarm, Voice Evacuation & Telephone Talkback System"]
["Sl. No","Description","Qty","Unit","Rate","Amount"]
[1,"SITC of Microprocessor based Multi-loop, True Peer-to-Peer Networkable Addressable Fire Alarm Control Panel with minimum 600 characters LCD display, 3000 event plus 800 alarm log history events, QWERTY keypad for programming. The panel should be equipped with sufficient numbers of loops considering 20% spare capacity in each loop. Each loop shall have a capacity of minimum 250 analog addressable devices. The panel shall work in degrade mode in case of CPU failure, 240 volts AC power supply, automatic battery charger, 24 volts sealed lead acid batteries sufficient for 24 hours normal working and 30 mins in alarm condition..UL 864, 10th Edition Listed & FM Approved."]
["a","1-loop - ADRESSABLE PANEL WITH DVC AND AMPLIFIRE",1,"Nos.",null,{"$f":"IFERROR(C5*E5, \" \")","v":0}]
[2,"SITC Addressable Multi-criteria Photo-Thermal Detector with sensitivity range of 0.5 to 4.0% obs/ft. The detector shall have twin bi-colour LED for 360 deg viewing. Designed to meet UL268, 7th Edition",41,"Nos.",null,0]
[3,"SITC Addressable Thermal Detector . The detector shall have twin bi-colour LED for 360 deg viewing. Designed to meet UL268, 7th Edition",1,"Nos.",null,0]
[4,"SITC of Addressable Duct Smoke Detector. The duct detector shall have an air velocity rating from 100 to 4000 ft/min. The detector shall have twin bi-colour LED for 360 deg viewing with sampling tube and photoelectric smoke detector. Designed to meet UL268, 7th Edition","r/o","Nos.",null," "]
[5,"SITC of Addressable High Sensitivity Photo Detector/ Very Early Warning Detector with sensitivity level of 0.02% to 2% Obs/Feet.The detector shall have twin bi-colour LED for 360 deg viewing.  Designed to meet UL268, 7th Edition",2,"Nos.",null,0]
[6,{"$nulls":4},0]
[7,"SITC of Addressable Manual Call Point (Pull down / Break Glass Type). The device shall have an LED which shall blink in normal state & get steady on activation to monitor the heath status of the device.  UL and FM Approved",4,"Nos.",null,0]
[8,"SITC of Addressable Control Module The control module shall provide DPDTcontact rated at 24v DC, 2A. The device shall have an LED which shall blink in normal state & get steady on activation to monitor the heath status of the device.  UL and FM Approved",4,"Nos.",null,0]
[9,"SItc of Addressable Relay Module.The relay module shall provide DPDTcontact rated at 24v DC, 2A. The device shall have an LED which shall blink in normal state & get steady on activation to monitor the heath status of the device. UL and FM Approved",1,"Nos.",null,0]
[10,"SITC of Addressable Monitor Module The monitor module shall provide DPDTcontact rated at 24v DC, 2A. The device shall have an LED which shall blink in normal state & get steady on activation to monitor the heath status of the device.  UL and FM Approved","R/O","Nos.",null," "]
[11,"Sitc of Addressable Isolator Module for Isolating short / dewired / loose circuits with automatic resetting arrangement. Isolator Base can also be proposed, however in that case needs to be considered with each detector & module. The device shall have an LED which shall blink in normal state & get steady on activation to monitor the heath status of the device. UL and FM Approved",4,"Nos.",null,0]
[12,"Sitc of Sounder cum Strobe rated at 75 dBA @ 3m for Audible annunciation and 75cd flashintg at 1 Hz for visual indication.",4,"Nos.",null,0]
[13,"2W Multi-Tap (0.25W; 0.5W; 1W; 2W), Ceiling Mount Speakers. The speakers shall be of same make as that of the  Control Panel & Amplifiers. They shall be compatible with supplied Amplifiers and shall work on 70.7Vrms.  UL and FM Approved",35,"Nos.",null,0]
[14,"2W Multi-Tap (0.25W; 0.5W; 1W; 2W), Wall Mount Speakers. The speakers shall be of same make as that of the  Control Panel & Amplifiers. They shall be compatible with supplied Amplifiers and shall work on 70.7Vrms.  UL and FM Approved",4,"Nos.",null,0]
[15,"SITC of  Fire Fighter's Telephone Jack for two way communication between Remote Fire Fighter & Fire Command Center.  UL and FM Approved",4,"Nos.",null,0]
[16,"Fire Fighter's Telephone Handset for two way communication between Remote Fire Fighter & Fire Command Center.  UL and FM Approved",2,"Nos.",null,0]
[17,"SITC OF FIRE SERVIVAL CABLE 2X1.5 SQ. MM ARMOURED",950,"MTRS",null,0]
[null,"TOTAL",{"$nulls":3},{"$f":"SUM(F5:F21)","v":0}]

{"sheet":"CCTV ROOM","index":8,"n_rows":13,"n_cols":6,"rows_kept":13,"merged":[[0,0,0,5],[1,0,1,5]]}
["Annexure-V"]
["CCTV"]
["S. No.","Description - Tender BOQ","Make"," Qty ","Rate","Amount"]
["A.","Camera"]
[1,"SITC of IP CCTV Dome Camera 5 MP (2560x1920) , 1~25/30fps image with a        5 Megapixel progressive scan CMOS sensor. with triple streams support.  22°F to 140°F (  30°C to 60°C) working  Profile S/Gsupport.Security features include self-signed signed certificates and data encryption.Cyber Security :- User account and password protection, HTTPS, IP Filter, Digest authentication, TLS1.2 only, Stream encryption, AES-128/256, SSH/ Telnet closed, PCIDSS compliance. Non China & NDAA  Compliant","Honeywell, ",5,null,{"$f":"IFERROR(D5*E5, \" \")","v":0}]
[2,"SITC OF 8 CHANEL NVR WITH RECODING FACILITY UPTO 8 CAMERA OF 30DAYS.","Honeywell, ",1,null,0]
[3,"8PORT POE SWITCH FOR CAMERA","D-LINK",1,null,0]
[4,"32INCH MONITER","SAMSONG/LG",1,null,0]
[5,"8TB HARD DISC","W.D",2,null,0]
[6,"SITC OF CAT 6 CABLE ARMOUR","D-LINK",120,null,0]
[7,"SITC OF  2X 1.5 SQ. MM POWER CABLE ARMOUR","POLICABE/EXCELLETC",50,null,0]
[]
[null,"TOTAL",{"$nulls":3},{"$f":"SUM(F5:F12)","v":0}]

{"sheet":"Conference Room","index":9,"n_rows":22,"n_cols":7,"rows_kept":22,"merged":[[0,0,0,6],[1,0,1,6],[2,0,2,6],[21,0,21,5]]}
["Annexure-VI-A"]
["Name Of Work:- SITC of Conference Hall - 12 Pax "]
["AUDIO VIDEO SYSTEM"]
["S. No.","Item Description","Approved Makes","Offered make/Model","Qty","Price","Amount"]
[1,"Supply, Installation, Testing and commissioning of Interactive flat panel display having display size as 86 inches or bigger, Backlit type- D (LED), lifetime of 50000 Hrs or higher. The resolution of the display should be 3840 x 2160(4K UHD) and contrast ratio should be 1200:1 or better, with minimum brightness as 350 cd/m2, the minimum connectivity should be Front: 1xUSB(PC) | 1xUSB(Android) | | 1xHDMI 2.0- IN Side: 1xHDMI-OUT | 1xSPDIF-OUT | 1xUSB(Touch) | 2xUSB(Android)1xDP-IN | 2xHDMI 2.0-IN Bottom: 1xLAN | 1xRS232-IN | 1xAUDIO-OUT | 1xPC AUDIO, The display should also have minimum 10 Wx 2 Built in speakers, touch response time as 6 ms or less, Frame/Structure of IFPD should have magnetic mechanism or other mechanism to hold up to two numbers of Stylus/Pen, The touch accuracy should be ± 1mm or better, Touch method should be Finger or touch pen or other solid(soft tip) object, Tempered glass should be 4T antiglare, Should have 1 OPS slot, Data from Mini PC should be shared wirelessly on multiple Phones/Tablets without any other hardware requirement. IFPD should allow user to share/mirror thecontent of Laptop/Desktop (Mac, Windows) and mobile device(ios,Android wirelessly,Wireless presentation should allow user to access their Laptop/Desktop through IFPD, Should have file download feature in smart phone just by scanning the QR code, 4 GB DDR, 16/32 GB internal storage, Android version 11 etc.","Samsung/ LG/ Provac","86\" IFPD",1,null,{"$f":"F5*E5","v":0}]
[2,"SITC of Cable Manager with wireless charging spot, table mount modular multi-Connection Solution with retractable Lid  with pass-through for 1 HDMI, 2 LAN, 2 Universal AC Power Outlet, etc.","Kramer","TBUS-1-KWC + T1AF-26 + TS-2U + WCP-2",1,null,{"$f":"F6*E6","v":0}]
[3,"SITC of HDMI Transmitter over Cat 6 ( HDBaseT) up to 70m with Input 1 HDMI, Cat6 (HDBaseT) Output, 4K@60 4:4:4  support HDTV Compatible, HDCP 2.2 Compliant with CEC, IR and RS-232, Compliance : CE, ISO 9001, ISO 14001, OHSAS 18001, etc complete as required.","Kramer","TP-583T",2,null,{"$f":"F7*E7","v":0}]
[4,"SITC of HDMI Receiver over Cat 6 ( HDBaseT) up to 70m with Input 1 Cat6 (HDBaseT), 1 HDMI Output, 1080p, 2K and 4K@60 4:4:4  support, HDTV Compatible, HDCP 2.2 Compliant with IR and RS-232, Compliance : CE, ISO 9001, ISO 14001, OHSAS 18001, etc complete as required.","Kramer","TP-583R",2,null,0]
[5,"Supply, installation, testing & commissioning  Video bar  Conferencing Device with 6 microphones and 4k camera; Amplifier Power 20 W per channel, < 0.3% distortion over frequency range; Frequency Response (–10 dB) 85 – 20,000 Hz; Maximum SPL @ 1 m 89 dB ; frequency response of microphone Frequency Response (±3 dB) 20 – 15,000 Hz; Pickup Range 6.0 m (19.7 ft); Field of View (FOV) 123° diagonal × 115° horizontal × 81° vertical; Lens Up to 5x digital zoom, detachable camera privacy cover (included); complete as reqd . \t","Kramer","K BAR",1,null,0]
[6,"Supply Installation Testing Commisioning of a Video Conference Server with the below specifications:- Max. Conference Microphones: 800, Frequency Response: 20 - 20kHz, Dynamic Range: >85 dB, Auto PC Software for a controlled meeting, Anti-feedback control,  Audio Inputs & Outputs to connect to the amplifier, speaker and microphone systems\"","OSL","BSC CONTROL",1,null,0]
[7,"Supply Installation Testing & Commissioning of a Chairman Unit with the below specifications:-  Press to Speak & Priority Functions, Commence Vote Option, Built-in Spekaer system & headphone output. Includes (1) 18\" Gooseneck Microphone (true condenser, super-cardioid)","OSL","BSC C1",2,null,{"$f":"F11*E11","v":0}]
[8,"Supply Installation Testing & Commissioning of a Delegate Unit with the below specifications:-  3-button Voting Options, Built-in Spekaer system & headphone output. Includes (1) 18\" Gooseneck Microphone (true condenser, super-cardioid)","OSL","BSC D1",10,null,{"$f":"F12*E12","v":0}]
[9,"SITC of celling Fullrange 5\" Driver Speaker,  130° Conical, with 100v Transformer  New.., 140º Conical, with 100v Transformer Frequency Range 72 Hz - 20 kHz, with Sound pressure level at rated power peak  / 1 W (1 kHz, 1 m) 107  dB (SPL) or better ,Rated Power Continuous 20W Nominal Impedane \"- 8 Ohms - 100/70 V - 5W, 10W, 20W\"  including molding arrangement and custom ABS / metel / wooden box for Fire proof system etc as required.","British acoustics","CL-4",6,null,0]
[10,"SITC of Power Amplifier, 1 x 350W @ 70/100V, Audio Power Amplifier, 70 V / 100 V and 8 ohm outputs Dual inputs with priority switching 100 V input for slave operation on 100 V speaker line with Min 5 input -aux,  3 mic line input   Yes all required accessories etc. all complete etc. as reqd.","British acoustics","Q350i",1,null,0]
[11,"Supply and Laying of 1.8 Meters USB Type-A to A patch cord in existing conduit.","Kramer","C-USB/AA-6",1,null,0]
[12,"Supply and Laying of 1.8 Meters USB Type-A to B patch cord in existing conduit.","Kramer","C-USB/AB-6",1,null,0]
[13,"Supply and Laying of 1.8 Meters 4K HDMI patch cord in existing conduit.","Kramer","C-HM/HM-6",2,null,0]
[14,"Supply and Laying of HDBaseT recommanded 23 AWG shielded CAT6A Cable with appropriate connectors   in existing conduit.","Kramer","BC-UNIKAT/LSHF-100M",100,null,{"$f":"F18*E18","v":0}]
[15,"Supply and Laying of sheiled connector for 23 AWG shielded CAT6A Cable.","Kramer","CON-RJ45-3",5,null,0]
[16,"\"Supply Installation Testing Commisioning of 2.5 SQMM 2 CORE Speaker Cable ","NETMAS",null,100,null,0]
[17,"\"Supply Installation Testing Commisioningof  2 CORE 18AWG  Microphone  Cable ","NETMAS",null,100,null,0]
["TOTAL WITHOUT TAXES",{"$nulls":5},{"$f":"SUM(G5:G21)","v":0}]

{"sheet":"REST ALL ROOM","index":10,"n_rows":22,"n_cols":7,"rows_kept":22,"merged":[[0,0,0,6],[1,0,1,6],[2,0,2,6],[21,0,21,5]]}
["Annexure-VI-B"]
["Name Of Work:- SITC of  SCENARIO ROOM-"]
["AUDIO VIDEO SYSTEM"]
["S. No.","Item Description","Approved Makes","Offered make/Model","Qty","Price","Amount"]
[1,"SITC of DLP, SSI, WUXGA, 5300 ISO lm, 91.5lbs, no lens, White  High-efficiency, contrast ratio 3000000, display type 0.64\" 3 LCD, Resolution WUXGA (1920x1200), Solid State Laser Phosphor etc. complete as required.  ","christie","LWU530-APS",1,null,{"$f":"F5*E5","v":0}]
[2,"SITC of HDMI Transmitter over Cat 6 ( HDBaseT) up to 70m with Input 1 HDMI, 1 Cat6 (HDBaseT) Output, 2K and 4K support, HDTV Compatible, HDCP 2.2 Compliant with IR and RS-232 etc complete as required. (Make:- Kramer)","Kramer","TP-583R",6,null,{"$f":"F6*E6","v":0}]
[3,"SITC of HDMI Receiver over Cat 6 ( HDBaseT) upto 70 meter with Inputs 1 Cat6 (HDBaseT), 1 HDMI Output, 2K and 4K support, HDTV Compatible, HDCP Compliant with IR and RS-232 etc complete as required. (Make:- Kramer)","Kramer","TP-583T",6,null,{"$f":"F7*E7","v":0}]
[4,"SITC of Motorized Projection Screen matte white surface in 1.1 gain of dimension 108\" x 144\" having 4 side black masking best for ultra HD/4K movie radio frequency control motorised system etc. complete with installation as per site requirement.","DA TUNE",null,1,null,0]
[5,"SITC of heavy duty  projector mount etc. complete as required.\t","CUSTOM",null,1,null,0]
[6,"SITC of 4K PTZ Camera with 12x Optical Zoom and 16x digital zoom, 4K 60fps clear video, 8.51 megapixel CMOS image sensor, Ultra–low CMOS image sensors plus 2D and 3D DNR technology, 255 presets views, Plug and play connection with a USB cable, USB 3.0: On a USB type B connector, HDMI output on HDMI connector, 3G-SDI output on BNC connector, Audio Line In: On a 3.5mm mini jack, RJ-45: 10/100/1000M Adaptive Ethernet Port, RS-232 IN & Out: : On 8 pin Min DIN connectors, RS-485: On a 2–pin phoenix connector,Video resolutions: 1080P60, 1080P50, 1080I60, 1080I50, 1080P30, 1080P25, 720P60, 720P50, 4KP25, 4KP30, Lens: 12x, f = 4.4mm ~ 52.8mm, F1.8 ~ F2.6, Backlight Compensation: Support, Video S/N: ≥55dB, Horizontal Angle of View: 71° ~ 8.2°, Vertical Angle of View: 42.7° ~ 4.5°, Horizontal Rotation Range: ±170°, Vertical Rotation Range: ±30°, Pan Speed Range: 1.6°/s ~ 76°/s, Tilt Speed Range: 0.5°/s ~ 15°/s, H & V Flip: Support, Control options: Embedded web pages, RS–232 protocol and IR transmitter remote included, Certification: Safety: CE, FCC & Environmental:  RoHs, Reach, etc.","Kramer",null,4,null,0]
[7,"SITC of Multiviewer with quad view, dual view (PIP & PnP), matrix view, 2x2 video wall view outputs, 4 HDMI inputs and 4 scaled HDMI outputs, HDTV and HDCP compliant, bezel correction options, Multiple Aspect Ratio Selections — Full, 4:3, 16:9 and best fit, 4 Preset Memory Locations, supports video resolution up to 1080p@60Hz, Flexible Control Options - Front panel buttons, IR remote control with OSD (On−Screen Display), RS−232, Ethernet with built−in Web browser, Should have Multiple Output Aspect Ratios,  Certification: CE, ISO 9001, ISO 14001, ISO 18001 etc.","Kramer",null,1,null,0]
[8,"SITC of 4K@60Hz 4:4:4 6X2 HDMI Switcher, 6 HDMI inputs , 2 HDMI Outputs, audio embedding for each HDMI inputs & audio de-embedding for each HDMI output, 8 balanced audio stereo audio outputs, 2K and 4K support, HDCP Compliant 1.4 & 2.2 both, data rate 18Gbps, supports HDR10, 24x24 audio matrix (8 embedded digital inputs + 8 analog inputs + 8 ARC inputs and 8 digital outputs + 8 analog outputs + 8 ARC outputs), Save up to 16 preset configurations, Automatic input selection based on priority selection or last connected input,  Embedded Pattern Generator, Controllable through Ethernet and RS-232, Certification: CE, ISO 9001, ISO 14001, OHSAS 18001, etc complete as required.","Kramer",null,1,null,0]
[9," Supplying, Installation, Testing and Commissioning of 6 X4\" or better  columms  two-Way Speaker with a Frequency Response (-3dB/-10dB): 85Hz-20KHz; Long Term Program Power Handling of ≥60W (at Nominal Impedance of 8 ohms). The Loudspeaker should have a Sensitivity\n(1W/1m) >86dB  or better with a Max. SPL (Peak) >116dB. The\nSound Dispersion should be 90° x 60° or better; including  SITC of OEM speaker bracket complete etc. as required.","British acoustics","C 6",2,null,0]
[10,"SITC of Power Amplifier, 1 x 350W @ 70/100V, Audio Power Amplifier, 70 V / 100 V and 8 ohm outputs Dual inputs with priority switching 100 V input for slave operation on 100 V speaker line with Min 5 input -aux,  3 mic line input   Yes all required accessories etc. all complete etc. as reqd.","British acoustics","Q350i",1,null,0]
[11,"Supply and Laying of 1.8 Meters USB Type-A to A patch cord in existing conduit.","Kramer","C-USB/AA-6",4,null,0]
[12,"Supply and Laying of 1.8 Meters USB Type-A to B patch cord in existing conduit.","Kramer","C-USB/AB-6",4,null,0]
[13,"Supply and Laying of 1.8 Meters 4K HDMI patch cord in existing conduit.","Kramer","C-HM/HM-6",12,null,0]
[14,"Supply and Laying of HDBaseT recommanded 23 AWG shielded CAT6A Cable with appropriate connectors   in existing conduit.","Kramer","BC-UNIKAT/LSHF-100M",100,null,{"$f":"F18*E18","v":0}]
[15,"Supply and Laying of sheiled connector for 23 AWG shielded CAT6A Cable.","Kramer","CON-RJ45-3",5,null,0]
[16,"\"Supply Installation Testing Commisioning of 2.5 SQMM 2 CORE Speaker Cable ","NETMAS",null,100,null,0]
[17,"\"Supply Installation Testing Commisioningof  2 CORE 18AWG  Microphone  Cable ","NETMAS",null,100,null,0]
["TOTAL WITHOUT TAXES",{"$nulls":5},{"$f":"SUM(G5:G21)","v":0}]

{"sheet":"MGPS - BOQ","index":11,"n_rows":48,"n_cols":7,"rows_kept":48,"merged":[[0,0,0,6],[1,0,1,6],[45,2,45,4],[46,2,46,4],[47,2,47,4]]}
["Annexure-VII"]
["MGPS"]
["S. No."," Item Description ","Unit",null,"Rate (Rs)"," Total Cost ","Makes"]
["A","Supply, Installation, Testing & Commissioning of Medical Gas Pipeline System : -"]
[]
[1,"Oxygen System"]
[{"$f":"A6+0.1","v":1.1},"1 + 1 size Manifold complete with middle frame with chain for individual cylinder (bulk cylinder D-type) along with Non-Return Values for every cylinder and copper tail pipes complete in all respectThe Oxygen Manifold should be hydraulically tested to 3500 psig pressure. (Cylinders not included in the cost)","Set",1,null,{"$f":"D7*E7","v":0}]
[{"$f":"A7+0.1","v":{"v":1.2000000000000002,"d":"1.2"}},"Sami Automatic Gas Control Panel for Oxygen complete in all respect - Fitted with piston type regulators.","Set",1,null,{"$f":"E8*D8","v":0},"Aktiv"]
[{"$f":"A8+0.1","v":{"v":1.3000000000000003,"d":"1.3"}},"Terminal units  with probes(outlets, CE Marked)","Set",8,null,0,"Draeger / Beacon Medaes / Aktiv"]
[{"$f":"A9+0.1","v":{"v":1.4000000000000004,"d":"1.4"}},"Oxygen flowmeter with humidifier bottle complete in all respect","Set",2,null,0,"Aktiv"]
[{"v":1.5000000000000004,"d":"1.5"},"HP tubing flexible having antistatic core as per ISO with proper colour coded complete in all\nrespect","Mtrs.",{"$f":"D9*1.5+(5*4)","v":32},null,0,"Aktiv"]
[]
[2,"Nitrous Oxide System"]
[{"$f":"A13+0.1","v":2.1},"1 + 1 size Manifold complete with middle frame with chain for individual cylinder (bulk cylinder D-type) along with Non-Return Values for every cylinder and copper tail pipes\ncomplete in all respect.The Nitrous Oxide   Manifold should be hydraulically tested to 3500 psig pressure. (Cylinders not included in the cost)","Set",1,null,0]
[{"$f":"A14+0.1","v":2.2},"Semi Automatic Gas Control Panel for Nitrous Oxide Gas complete in all respect","Set",1,null,0]
[{"$f":"A15+0.1","v":{"v":2.3000000000000003,"d":"2.3"}},"Terminal units (Gas outlets ) with probes(Gas outlets, CE Marked)","Set",4,null,0,"Draeger / Beacon Medaes / Aktiv"]
[{"$f":"A16+0.1","v":{"v":2.4000000000000004,"d":"2.4"}},"HP tubing flexible having antistatic core as per ISO with proper colour coded complete in all respect","Mtrs.",{"$f":"D16*1.5+(5*2)","v":16},null,0,"Aktiv"]
[]
[3,"Compressed Air System"]
[{"$f":"A19+0.1","v":3.1},"1 + 1 size Manifold complete with middle frame with chain for individual cylinder (bulk cylinder D-type) along with Non-Return Values for every cylinder and copper tail pipes complete in all respectThe Oxygen Manifold should be hydraulically tested to 3500 psig pressure. (Cylinders not included in the cost)","Set",1,null,{"$f":"E20*D20","v":0}]
[{"$f":"A20+0.1","v":3.2},"Terminal units with probes(e Gas outlets, CE Marked) Air 4 Bar","Set",4,null,0,"Draeger / Beacon Medaes / Aktiv"]
[{"$f":"A21+0.1","v":{"v":3.3000000000000003,"d":"3.3"}},"HP tubing flexible having antistatic core as per ISO with proper colour coded as per Technical Specification enclosed complete in all respect","Mtrs.",{"$f":"D21*1.8+(5*4)","v":27.2},null,0,"Aktiv"]
[]
[4,"Vacuum Pump System"]
[{"$f":"A24+0.1","v":4.1},"Compressed System comprises of Tank floor mounted compatible dryer & filtration system complete in all respect.\ntwo compressor working & one as standby\nDuplex Rotary Vane Vacuum Pump + Duplex Bacteria Filtration + 500Ltr. Tank.","Set",1,null,0,"Atlas copco"]
[{"$f":"A25+0.1","v":{"v":4.199999999999999,"d":"4.2"}},"Terminal units with probes(e Gas outlets, CE Marked)Vacuum","Set",8,null,0,"Draeger / Beacon Medaes / Aktiv"]
[{"v":4.299999999999999,"d":"4.3"},"(-760 - 0) mm Hg WARD SUCTION UNIT FOR ADULT APPLICATION WITH 63 MM DIAL GUAGE DIRECT MOUNTING TYPE WITH TRAP BOTTLE & REPLACEABLE BACTERIA FILTER (0.2 micron) WITH 1000 ML ALL POLYCARBONATE JAR","Nos.",{"$f":"0","v":0},null,0,"Aktiv"]
[{"v":4.399999999999999,"d":"4.4"},"THEATRE SUCTION TROLLEY WITH STAINLESS STEEL BASE , STAND, 2200 ML TOTAL POLYCARBONATE JARS, ADULT SUCTION REGULATOR & TRAP BOTTLE WITH HYDROPHOBIC BACTERIA FILTER","Nos.",2,null,0,"Aktiv"]
[{"v":4.499999999999998,"d":"4.5"},"HP tubing flexible having antistatic core as per ISO with proper colour coded as per Technical Specification enclosed complete in all respect","Mtrs.",{"$f":"D26*1.5+(5*4)","v":32},null,0,"Aktiv"]
[]
[]
[5,"Copper Pipe\nCopper pipes unes will be solid drawn, seamless, deoxidized, non arsenical half hard, tempered and degesed, manufactured asper EN 1057 part I, Table X of 1971 and chemical composition as per BS-6017 of 1981, Table  2, Cu-DHP. complete in all respect (including Colour as per IS 2379-1990)"]
[{"$f":"A32+0.1","v":5.1},"12 mm OD x 0.9 mm thick","Mtr.",0,null,0,"Maxflow(Fiitings & Valves From RB / Conex)"]
[{"v":5.199999999999999,"d":"5.2"},"15 mm OD x 1 mm thick","Mtr.",61,null,0,"Maxflow(Fiitings & Valves From RB / Conex)"]
[{"v":5.299999999999999,"d":"5.3"},"22 mm OD x 1 mm thick","Mtr.",122,null,0,"Maxflow(Fiitings & Valves From RB / Conex)"]
[{"v":5.399999999999999,"d":"5.4"},"28 mm OD x 1 mm thick","Mtr.",47,null,0,"Maxflow(Fiitings & Valves From RB / Conex)"]
[]
[6,"Isolation Valve"]
[{"$f":"A38+0.1","v":6.1},"15 mm","Nos",4,null,{"$f":"E39*D39","v":0},"RB / Conex"]
[{"$f":"A39+0.1","v":{"v":6.199999999999999,"d":"6.2"}},"22 mm","Nos",4,null,0,"RB / Conex"]
[{"v":6.299999999999999,"d":"6.3"},"28 mm","Nos",2,null,0,"RB / Conex"]
[]
[7,"Zonal Valve Box"]
[{"$f":"A43+0.1","v":7.1},"4 Gas","Nos",1,null,{"$f":"E44*D44","v":0},"Aktiv"]
[]
[null,null,"Total",null,null,{"$f":"SUM(F4:F45)","v":0}]
[null,null,"GST18%",null,null,{"$f":"F46/100*18","v":0}]
[null,null,"Grand Total",null,null,{"$f":"SUM(F46:F47)","v":0}]